All Cities on a Map by Letter - K - Statistics

General Stats
  • This quiz has been taken 18 times
  • The average score is 85 of 3020
Answers on the Map
Answers color-coded by a green-red scale on the quiz's map according to % correct below.
 
Answer Stats
County City population City % Correct
Japan 11252 Kin
93%
Togo 104000 Kara
86%
Canada 27333 King
79%
Jamaica 580000 Kingston
79%
Canada 132485 Kingston
79%
United States 23942 Kingston
79%
United States 13782 Kingston
79%
United States 13333 Kingston
79%
Australia 10409 Kingston
79%
Norfolk Island 341 Kingston
79%
United Kingdom 314018 Kingston upon Hull
79%
Saint Vincent and the Grenadines 12909 Kingstown
79%
United States 1686807 Kansas City
71%
United States 154776 Kansas City
71%
Pakistan 20249000 Karachi
71%
Turkey 58600 Kaş
71%
Greece 8863 Kos
71%
Japan 1463723 Kyōto
71%
Nigeria 4224966 Kano
64%
India 14010 Keāl
64%
Russia 9712 Kem
64%
Ukraine 2952301 Kyiv
64%
India 25000 Kali
57%
Russia 489584 Kaliningrad
57%
Uganda 1680600 Kampala
57%
India 8780 Kampel
57%
United States 135015 Kent
57%
United States 27190 Kent
57%
United States 12917 Kent
57%
India 14423 Kharki
57%
Ukraine 1421125 Kharkiv
57%
Congo (Kinshasa) 12836000 Kinshasa
57%
Afghanistan 4273156 Kabul
50%
Japan 75337 Kai
50%
Mali 8827 Kaï
50%
Mali 11218 Kassa
50%
Sudan 7869000 Khartoum
50%
Benin 20016 Kissa
50%
Poland 804237 Kraków
50%
Japan 15497 Kanan
43%
Japan 36607 Kannan
43%
Burma 17396 Kawa
43%
Japan 1531646 Kawasaki
43%
Japan 15134 Kawasaki
43%
India 10148 Kāza
43%
Russia 1259173 Kazan
43%
United States 39013 Keizer
43%
Germany 248873 Kiel
43%
Rwanda 1156663 Kigali
43%
Austria 101403 Klagenfurt
43%
United States 618226 Knoxville
43%
Germany 115298 Koblenz
43%
Slovakia 229040 Košice
43%
Russia 1092851 Krasnoyarsk
43%
Ghana 3903480 Kumasi
43%
China 4422686 Kunming
43%
Kuwait 2989000 Kuwait City
43%
Japan 62997 Kaga
36%
Algeria 28724 Kaïs
36%
Germany 101486 Kaiserslautern
36%
Congo (Kinshasa) 1971704 Kananga
36%
India 18237 Kānp
36%
India 11469 Kāri
36%
Germany 309964 Karlsruhe
36%
Sweden 65856 Karlstad
36%
Nepal 845767 Kathmandu
36%
Japan 40728 Katō
36%
Turkey 1434357 Kayseri
36%
Congo (Kinshasa) 1081000 Kisangani
36%
Japan 1521707 Kōbe
36%
India 21747000 Kolkāta
36%
Turkey 2320241 Konya
36%
India 1001694 Kota
36%
India 16237 Kota
36%
Japan 42523 Kōta
36%
Russia 1138654 Krasnodar
36%
Germany 228550 Krefeld
36%
China 1200000 Kaifeng
29%
Germany 43001 Kamen
29%
India 243800 Kanpur
29%
Germany 204687 Kassel
29%
Poland 285711 Katowice
29%
Lithuania 305120 Kaunas
29%
Germany 70056 Kempten
29%
United Kingdom 64681 Kensington
29%
United States 9936 Kensington
29%
Ukraine 279131 Kherson
29%
Ireland 22179 Kilkenny
29%
Iraq 975000 Kirkuk
29%
Mali 46435 Kita
29%
India 11035 Koch
29%
India 677381 Kochi
29%
Japan 325535 Kōchi
29%
India 25191 Kola
29%
Norway 64057 Kristiansand
29%
Malaysia 8911000 Kuala Lumpur
29%
Russia 436678 Kursk
29%
Nigeria 760084 Kaduna
21%
Tunisia 210313 Kairouan
21%
United States 204408 Kalamazoo
21%
Sweden 42622 Kalmar
21%
Japan 25562 Kami
21%
Japan 21666 Kami
21%
Afghanistan 614254 Kandahār
21%
Sri Lanka 120087 Kandy
21%
Kyrgyzstan 23249 Kant
21%
India 10615 Kanur
21%
Taiwan 2737660 Kaohsiung
21%
Iran 1973470 Karaj
21%
Germany 45792 Kaufbeuren
21%
Iceland 23329 Keflavík
21%
Germany 38721 Kehl
21%
Germany 17094 Kelheim
21%
Congo (Brazzaville) 8862 Kéllé
21%
Chad 45224 Kelo
21%
Germany 34888 Kempen
21%
Morocco 507736 Kenitra
21%
United States 57442 Kettering
21%
United Kingdom 56226 Kettering
21%
United States 13866 Kettering
21%
United States 25824 Key West
21%
Russia 471754 Kirov
21%
Russia 27661 Kirov
21%
United States 442790 Kissimmee
21%
Japan 935084 Kitakyūshū
21%
Canada 522888 Kitchener
21%
Germany 53458 Kleve
21%
Croatia 11633 Knin
21%
Denmark 62338 Kolding
21%
Niger 32829 Kollo
21%
Poland 20380 Koło
21%
Côte d’Ivoire 33391 Kong
21%
India 30299 Koni
21%
Germany 85770 Konstanz
21%
Germany 18539 Konz
21%
Montenegro 13347 Kotor
21%
Sweden 32188 Kristianstad
21%
Malaysia 325132 Kuching
21%
Germany 26052 Kulmbach
21%
Japan 738385 Kumamoto
21%
United States 25960 Kuna
21%
Finland 124131 Kuopio
21%
Japan 212159 Kure
21%
Germany 44208 Kaarst
14%
Serbia 11067 Kać
14%
Japan 593754 Kagoshima
14%
Greece 37781 Kalamáta
14%
Australia 30841 Kalgoorlie
14%
Germany 14199 Kalkar
14%
Russia 331842 Kaluga
14%
Germany 16861 Kamenz
14%
Canada 97902 Kamloops
14%
Germany 9400 Kandel
14%
Benin 177683 Kandi
14%
India 55632 Kāndi
14%
Germany 8683 Kappeln
14%
Czechia 49353 Karlovy Vary
14%
Germany 22101 Karlsfeld
14%
Turkey 91450 Kars
14%
Japan 427603 Kashiwa
14%
Canada 181380 Kelowna
14%
Germany 17365 Kelsterbach
14%
Turkey 49383 Kemer
14%
Russia 544600 Kemerovo
14%
Finland 19371 Kemi
14%
United Kingdom 29594 Kendal
14%
United States 11692 Kennebunk
14%
United States 8577 Kennedy
14%
United States 65113 Kenner
14%
United States 16492 Kerman
14%
Iran 738374 Kermān
14%
Germany 67627 Kerpen
14%
Russia 615570 Khabarovsk
14%
India 128137 Khanna
14%
India 9414 Kharī
14%
Sudan 936349 Khartoum North
14%
Ukraine 274452 Khmelnytskyi
14%
Poland 186894 Kielce
14%
Papua New Guinea 27191 Kimbe
14%
South Africa 96977 Kimberley
14%
United States 95059 Kingsport
14%
United States 25061 Kingsville
14%
Canada 22119 Kingsville
14%
Sweden 15507 Kinna
14%
Switzerland 9072 Kirchberg
14%
Congo (Kinshasa) 14612 Kiri
14%
Norway 3531 Kirkenes
14%
Sweden 26703 Kiruna
14%
Japan 10429 Kiso
14%
Germany 11764 Kissing
14%
Germany 9473 Kißlegg
14%
Kenya 409928 Kisumu
14%
Lithuania 158420 Klaipėda
14%
Russia 3900 Klin
14%
Austria 27058 Klosterneuburg
14%
Switzerland 19362 Kloten
14%
Nigeria 25792 Koko
14%
United States 59375 Kokomo
14%
Uganda 12000 Kole
14%
Congo (Kinshasa) 480000 Kolwezi
14%
Slovenia 642 Komen
14%
Germany 41642 Königswinter
14%
Poland 69858 Konin
14%
India 18080 Kopa
14%
Iceland 39810 Kópavogur
14%
Germany 11255 Korb
14%
India 365253 Korba
14%
Tunisia 65542 Korba
14%
Germany 24089 Korbach
14%
Austria 12986 Korneuburg
14%
Germany 34177 Kornwestheim
14%
Russia 267481 Kostroma
14%
India 10439 Koth
14%
Finland 50477 Kotka
14%
Finland 78824 Kouvola
14%
Ukraine 147145 Kramatorsk
14%
Germany 16924 Kronach
14%
Germany 18569 Kronberg
14%
Russia 74893 Kropotkin
14%
Germany 13940 Krumbach
14%
Ukraine 603904 Kryvyi Rih
14%
Malaysia 30000 Kuah
14%
Austria 19126 Kufstein
14%
Japan 11424 Kuse
14%
Switzerland 13084 Küssnacht
14%
Finland 36389 Kaarina
7%
Zambia 288598 Kabwe
7%
India 81404 Kadi
7%
Turkey 9543 Kadıköy
7%
Korea, North 192578 Kaesŏng
7%
India 23775 Kāgal
7%
Turkey 571266 Kahramanmaraş
7%
United States 27068 Kahului
7%
New Zealand 2210 Kaikoura
7%
United States 115634 Kailua
7%
Finland 36513 Kajaani
7%
Turkmenistan 38381 Kaka
7%
Japan 113954 Kakegawa
7%
United States 26830 Kalispell
7%
Poland 95905 Kalisz
7%
Germany 11089 Kall
7%
Greece 97616 Kallithéa
7%
Germany 23478 Kaltenkirchen
7%
India 1246381 Kalyān
7%
Russia 83286 Kamensk-Shakhtinskiy
7%
Albania 126777 Kamëz
7%
Japan 23973 Kamiamakusa
7%
Ukraine 226845 Kamianske
7%
Japan 13077 Kamikawa
7%
Japan 10557 Kamikawa
7%
Japan 95471 Kamisu
7%
Netherlands 54474 Kampen
7%
India 46701 Kampli
7%
Germany 38731 Kamp-Lintfort
7%
Cambodia 39186 Kampot
7%
Russia 105187 Kamyshin
7%
Canada 137118 Kanata
7%
Russia 28438 Kandalaksha
7%
United States 35945 Kaneohe
7%
Finland 33601 Kangasala
7%
Japan 99545 Kani
7%
United States 67925 Kankakee
7%
Guinea 198013 Kankan
7%
United States 56470 Kannapolis
7%
Japan 98367 Kanoya
7%
Thailand 12533 Kantang
7%
Senegal 172305 Kaolack
7%
China 487000 Karamay
7%
Indonesia 307880 Karawang
7%
Iraq 690100 Karbalā’
7%
Sweden 19075 Karlshamn
7%
Sweden 66675 Karlskrona
7%
Japan 42290 Kasai
7%
China 920000 Kashgar
7%
Japan 67001 Kashima
7%
Japan 27710 Kashima
7%
Japan 121604 Kashiwara
7%
Japan 67757 Kashiwara
7%
Georgia 12708 Kaspi
7%
Russia 17689 Kaspiysk
7%
Sudan 536009 Kassala
7%
Tunisia 108794 Kasserine
7%
Japan 111144 Kasuga
7%
Japan 306449 Kasugai
7%
Japan 228975 Kasukabe
7%
Japan 77401 Katano
7%
Greece 59189 Kateríni
7%
Australia 7964 Katoomba
7%
Nigeria 318459 Katsina
7%
Japan 16723 Katsuura
7%
Japan 9027 Katsuyama
7%
United States 23900 Katy
7%
Germany 10508 Kaufering
7%
Finland 12618 Kauhajoki
7%
Finland 15165 Kauhava
7%
Finland 10270 Kauniainen
7%
Japan 607373 Kawaguchi
7%
Canada 79247 Kawartha Lakes
7%
Mali 127368 Kayes
7%
Congo (Brazzaville) 71620 Kayes
7%
United States 34024 Kearney
7%
United States 10696 Kearney
7%
United States 37058 Kearns
7%
United States 40570 Kearny
7%
Tunisia 28081 Kebili
7%
Hungary 109450 Kecskemét
7%
Taiwan 362487 Keelung
7%
United States 22923 Keene
7%
Latvia 5039 Ķekava
7%
Ethiopia 10084 Kele
7%
United States 45598 Keller
7%
Finland 7030 Kemijärvi
7%
Finland 19514 Kempele
7%
United States 52141 Kendale Lakes
7%
United States 78527 Kendall
7%
United Kingdom 22694 Kenilworth
7%
United States 33627 Kennesaw
7%
United States 260091 Kennewick
7%
United States 125807 Kenosha
7%
Canada 14905 Kentville
7%
United States 54114 Kentwood
7%
Finland 38211 Kerava
7%
Ukraine 149566 Kerch
7%
Iran 946651 Kermānshāh
7%
Japan 59341 Kesennuma
7%
Finland 9184 Keuruu
7%
United States 26723 Keystone
7%
India 196283 Khammam
7%
Afghanistan 26803 Khānābād
7%
Russia 105995 Khanty-Mansiysk
7%
Gaza Strip 205125 Khān Yūnis
7%
Russia 155144 Khasavyurt
7%
Russia 3115 Khatanga
7%
Algeria 108580 Khenchela
7%
Russia 256684 Khimki
7%
Bangladesh 928891 Khulna
7%
Greece 9274 Kiáto
7%
Ghana 11677 Kibi
7%
United Kingdom 55530 Kidderminster
7%
Japan 10404 Kihō
7%
Finland 13320 Kiiminki
7%
Congo (Kinshasa) 458000 Kikwit
7%
United States 261099 Killeen
7%
Australia 608 Kimba
7%
Japan 81355 Kimitsu
7%
Russia 77694 Kineshma
7%
United States 13512 King City
7%
United States 33850 Kingman
7%
United Kingdom 42800 King’s Lynn
7%
United States 19576 Kinston
7%
Germany 42178 Kirchheim unter Teck
7%
Germany 16517 Kirchlengern
7%
Germany 10326 Kirchzarten
7%
Russia 49631 Kirishi
7%
Japan 123812 Kirishima
7%
Finland 41154 Kirkkonummi
7%
United States 91614 Kirkland
7%
Canada 19413 Kirkland
7%
United States 9845 Kirkland
7%
United States 29302 Kirkwood
7%
South Africa 13765 Kirkwood
7%
Russia 71498 Kirovo-Chepetsk
7%
Russia 26986 Kirovsk
7%
Ukraine 26654 Kirovsk
7%
Russia 22042 Kirovsk
7%
Russia 3171 Kirs
7%
United States 36572 Kiryas Joel
7%
Russia 44000 Kiselëvsk
7%
Iran 39853 Kīsh
7%
Japan 18204 Kishi
7%
Nigeria 155510 Kisi
7%
Russia 126423 Kislovodsk
7%
Japan 29696 Kitaakita
7%
Japan 58125 Kitahiroshima
7%
Japan 17669 Kitahiroshima
7%
Japan 92348 Kitakami
7%
Japan 45590 Kitakata
7%
Finland 9689 Kitee
7%
Zambia 661901 Kitwe
7%
Germany 23377 Kitzingen
7%
Russia 15319 Kizel
7%
United States 21879 Klamath Falls
7%
Malaysia 878000 Klang
7%
South Africa 186515 Klerksdorp
7%
Germany 9666 Klötze
7%
Malaysia 323762 Kluang
7%
United States 18921 Knik-Fairview
7%
United Kingdom 13256 Knutsford
7%
Japan 187144 Kōfu
7%
Japan 138237 Koga
7%
Japan 59349 Koga
7%
Finland 48299 Kokkola
7%
India 561489 Kolhāpur
7%
Russia 132247 Kolomna
7%
Mali 36767 Kona
7%
New Caledonia 8144 Koné
7%
Germany 9786 Köngen
7%
Germany 10258 Königsbach-Stein
7%
Germany 28377 Königsbrunn
7%
Germany 15860 Königslutter am Elm
7%
Germany 16831 Königstein im Taunus
7%
Germany 39096 Königs Wusterhausen
7%
Russia 144957 Kopeysk
7%
Sweden 17743 Köping
7%
Croatia 28580 Koprivnica
7%
Japan 327040 Koriyama
7%
Germany 20394 Korntal-Münchingen
7%
Mali 62681 Koro
7%
Russia 226007 Korolëv
7%
Palau 8744 Koror
7%
Germany 34324 Korschenbroich
7%
Belgium 77741 Kortrijk
7%
Slovenia 689 Kostanjevica na Krki
7%
Poland 105883 Koszalin
7%
Malaysia 452058 Kota Kinabalu
7%
India 11909 Kotla
7%
Russia 56122 Kotlas
7%
Burkina Faso 160207 Koudougou
7%
French Guiana 24029 Kourou
7%
Russia 128879 Kovrov
7%
Hong Kong 2108419 Kowloon
7%
Hong Kong 418732 Kowloon City
7%
Serbia 150623 Kragujevac
7%
Slovenia 37553 Kranj
7%
Croatia 11530 Krapina
7%
Latvia 6854 Krāslava
7%
Russia 193127 Krasnogorsk
7%
Russia 2128 Krasnogorsk
7%
Russia 52299 Krasnokamensk
7%
Ukraine 215271 Kremenchuk
7%
Switzerland 21801 Kreuzlingen
7%
Germany 31251 Kreuztal
7%
India 153062 Krishnanagar
7%
Croatia 18949 Križevci
7%
Slovenia 499 Križevci
7%
Ukraine 219676 Kropyvnytskyi
7%
Turkey 43227 Kula
7%
Serbia 35592 Kula
7%
Latvia 9940 Kuldīga
7%
India 28092 Kuli
7%
Japan 193190 Kumagaya
7%
Japan 22760 Kumano
7%
Japan 15806 Kumano
7%
North Macedonia 70842 Kumanovo
7%
Cameroon 31672 Kumba
7%
Russia 57949 Kumertau
7%
Korea, South 404691 Kumi
7%
Uganda 13000 Kumi
7%
Nigeria 35712 Kumo
7%
India 16668 Kundal
7%
Japan 75133 Kunitachi
7%
Faroe Islands 150 Kunoy
7%
Indonesia 466632 Kupang
7%
Japan 474862 Kurashiki
7%
Russia 310911 Kurgan
7%
Finland 19759 Kurikka
7%
Japan 302858 Kurume
7%
Russia 13300 Kusa
7%
Japan 165699 Kushiro
7%
Japan 19391 Kushiro
7%
Switzerland 14387 Küsnacht
7%
Georgia 147900 Kutaisi
7%
Japan 15123 Kutchan
7%
Finland 15019 Kuusamo
7%
Finland 19831 Kuusankoski
7%
Russia 78390 Kuznetsk
7%
Zimbabwe 119863 Kwekwe
7%
United States 52439 Kyle
7%
Germany 9114 Kyritz
7%
Russia 116015 Kyzyl
7%
Uganda 13400 Kaabong
0%
Netherlands 16600 Kaatsheuvel
0%
Philippines 77164 Kabacan
0%
Sierra Leone 18770 Kabala
0%
Uganda 53200 Kabale
0%
Congo (Kinshasa) 29833 Kabalo
0%
Tanzania 24979 Kabanga
0%
Philippines 200198 Kabankalan
0%
Kenya 28000 Kabarnet
0%
Rwanda 71769 Kabarore
0%
Philippines 46884 Kabasalan
0%
Turkey 10119 Kabataş
0%
Philippines 15806 Kabayan
0%
India 18868 Kabbūr
0%
Uganda 3400 Kaberamaido
0%
Congo (Kinshasa) 572000 Kabinda
0%
India 10589 Kabira
0%
India 10933 Kabīrpur
0%
Pakistan 70123 Kabirwala
0%
Central African Republic 16279 Kabo
0%
Mali 26272 Kaboïla
0%
Benin 11500 Kaboua
0%
Iran 19216 Kabūdarāhang
0%
Rwanda 40202 Kabuga
0%
Philippines 16215 Kabugao
0%
South Africa 23000 Ka-Bungeni
0%
Kosovo 33409 Kaçanik
0%
India 12928 Kachavaram
0%
India 12798 Kachchippalli
0%
India 21900 Kāchhāri
0%
Russia 36910 Kachkanar
0%
India 11123 Kachnār
0%
India 12830 Kādachchinallūr
0%
India 15576 Kadaiyam
0%
India 99807 Kadaiyanallūr
0%
India 19969 Kadakola
0%
India 10093 Kadalādi
0%
India 42516 Kadalur
0%
Uganda 10000 Kadama
0%
India 15823 Kadamakudi
0%
India 25794 Kadamalaikkundu
0%
India 26880 Kadambanād
0%
Czechia 18165 Kadaň
0%
India 9447 Kadanādu
0%
India 9882 Kadanganeri
0%
India 26980 Kadappuram
0%
India 13442 Kadattūr
0%
India 23502 Kadavūr
0%
Ghana 16542 Kade
0%
Japan 13301 Kadena
0%
Mali 12404 Kadiana
0%
India 21684 Kadiapattanam
0%
India 16815 Kadikkād
0%
India 9382 Kadimetla
0%
India 46476 Kadinamkulam
0%
Philippines 33735 Kadingilan
0%
Turkey 31206 Kadınhanı
0%
Mali 52932 Kadiolo
0%
India 89429 Kadiri
0%
Algeria 22327 Kadiria
0%
Turkey 98469 Kadirli
0%
India 8850 Kadiyadda
0%
India 37149 Kadiyam
0%
India 12625 Kādiyāmpatti
0%
India 16747 Kadod
0%
Japan 17341 Kadogawa
0%
India 9849 Kadoli
0%
Japan 118319 Kadoma
0%
Zimbabwe 116300 Kadoma
0%
India 9926 Kadrābād
0%
Turkey 9658 Kadriye
0%
Sudan 92674 Kadugli
0%
India 33790 Kadungapuram
0%
India 36602 Kadungutt
0%
India 40674 Kadūr
0%
India 11054 Kadūr Sāhib
0%
India 21295 Kaduturutti
0%
India 10645 Kadwa
0%
Korea, North 319554 Kaech’ŏn
0%
Mauritania 49152 Kaédi
0%
Cameroon 30609 Kaelé
0%
Thailand 12752 Kaeng Khoi
0%
Thailand 9012 Kaeng Khro
0%
Senegal 39357 Kaffrine
0%
South Sudan 16000 Kafia Kingi
0%
Egypt 104709 Kafr ad Dawwār
0%
Egypt 44716 Kafr al Baţţīkh
0%
Egypt 42651 Kafr al Kurdī
0%
Jordan 17919 Kafr al Mā’
0%
Egypt 147393 Kafr ash Shaykh
0%
Jordan 13056 Kafr ‘Awān
0%
Egypt 76413 Kafr az Zayyāt
0%
Syria 22535 Kafr Baţnā
0%
Syria 12194 Kafr Buhum
0%
Syria 20041 Kafr Lāhā
0%
Syria 13513 Kafr Nabūdah
0%
Syria 30000 Kafr Nubl
0%
Israel 21848 Kafr Qāsim
0%
Syria 12276 Kafr Rūmā
0%
Egypt 22500 Kafr Sa‘d
0%
Syria 8935 Kafr Sajnah
0%
Egypt 294765 Kafr Şaqr
0%
Egypt 23390 Kafr Shukr
0%
Syria 10084 Kafr Takhārīm
0%
Syria 17052 Kafr Zaytā
0%
Zambia 219000 Kafue
0%
Central African Republic 24661 Kaga Bandoro
0%
Uganda 22813 Kagadi
0%
Russia 9177 Kagalnik
0%
Japan 11882 Kagamino
0%
Turkey 455943 Kâğıthane
0%
Turkey 21130 Kağızman
0%
India 9117 Kaglipur
0%
India 14988 Kaguchi
0%
India 13303 Kāgvād
0%
Tanzania 453654 Kahama
0%
Pakistan 73981 Kahan
0%
Ukraine 13133 Kaharlyk
0%
Congo (Kinshasa) 50000 Kahemba
0%
Lebanon 13000 Kahhalé
0%
India 9233 Kahla
0%
Iran 52624 Kahnūj
0%
Japan 34936 Kahoku
0%
Japan 17435 Kahoku
0%
Iran 37527 Kahrīzak
0%
Pakistan 76098 Kahror Pakka
0%
Turkey 86232 Kâhta
0%
China 623772 Kaihua
0%
India 21292 Kaikalūr
0%
India 9532 Kaikaram
0%
Argentina 9879 Kaiken
0%
Sierra Leone 30411 Kailahun
0%
India 28955 Kailāras
0%
India 23418 Kailāshahar
0%
Indonesia 44332 Kaimana
0%
India 9882 Kaimāti
0%
India 9839 Kaimūh
0%
India 15016 Kaintragarh
0%
India 33721 Kaippakanchēri
0%
India 30169 Kaipram
0%
New Zealand 225 Kairaki
0%
India 89000 Kairāna
0%
Greece 26269 Kaisarianí
0%
Lithuania 8334 Kaišiadorys
0%
Japan 29793 Kaita
0%
New Zealand 5868 Kaitaia
0%
India 9902 Kaith
0%
India 9142 Kaithāhi
0%
India 144915 Kaithal
0%
India 9731 Kaithinia
0%
India 9492 Kaithwār
0%
China 13400 Kaiwen
0%
China 950939 Kaiyuan
0%
China 460927 Kaiyuan
0%
China 323031 Kaiyuan
0%
China 110964 Kaiyun
0%
Japan 34960 Kaizu
0%
Japan 84356 Kaizuka
0%
Malaysia 236240 Kajang
0%
India 15659 Kājha
0%
India 10760 Kājhi Hridenagar
0%
China 13005 Kaji
0%
Kenya 24678 Kajiado
0%
South Sudan 196000 Kajo Kaji
0%
India 16104 Kajur
0%
India 11803 Kākalūr
0%
South Africa 9538 Kakamas
0%
Kenya 91778 Kakamega
0%
Japan 143641 Kakamigahara
0%
India 12636 Kākan
0%
India 9377 Kākarāti
0%
Liberia 33945 Kakata
0%
India 16344 Kakching
0%
India 12299 Kakching Khunou
0%
India 19368 Kākdwīp
0%
India 10532 Kākhandiki
0%
Ukraine 34749 Kakhovka
0%
India 384182 Kākināda
0%
Uganda 32819 Kakira
0%
Uganda 28100 Kakiri
0%
India 16654 Kakkalapalle
0%
India 9716 Kakkat
0%
India 25605 Kāko
0%
Japan 255523 Kakogawachō-honmachi
0%
Tanzania 24688 Kakonko
0%
India 40081 Kakrāla
0%
India 16991 Kakraul
0%
Japan 27848 Kakuda
0%
Kenya 200000 Kakuma
0%
Uganda 15000 Kakumiro
0%
Japan 14138 Kakunodatemachi
0%
Tunisia 44220 Kalaa Srira
0%
Indonesia 19210 Kalabahi
0%
Zambia 7731 Kalabo
0%
Russia 17624 Kalach
0%
Iran 12379 Kalā Chāy
0%
Russia 9300 Kalachinsk
0%
Russia 24277 Kalach-na-Donu
0%
India 13676 Kalādgi
0%
India 10655 Kāla Diāra
0%
Madagascar 11000 Kalafotsy
0%
Tajikistan 12074 Kalaidasht
0%
India 9344 Kalaīkunda
0%
Nepal 42826 Kalaiyā
0%
India 13013 Kalaiyamputtūr
0%
Finland 12372 Kalajoki
0%
India 11461 Kalakada
0%
India 10113 Kalakeri
0%
Uganda 12000 Kalaki
0%
India 35758 Kalakkādu
0%
Benin 168882 Kalalé
0%
Iran 36176 Kalāleh
0%
Philippines 50900 Kalamansig
0%
Greece 92248 Kalamariá
0%
India 70776 Kalamasseri
0%
India 177154 Kalamboli
0%
India 25000 Kalamner
0%
Greece 11492 Kalampáka
0%
India 10299 Kalamūla
0%
India 15755 Kalanādu
0%
Tajikistan 10411 Kalanak
0%
India 12915 Kalanaur
0%
Ukraine 8977 Kalanchak
0%
Madagascar 14000 Kalandy
0%
Uganda 5200 Kalangala
0%
India 16075 Kalanjūr
0%
India 12896 Kalappālangulam
0%
India 29084 Kālappatti
0%
Iraq 250000 Kalār
0%
Iran 13401 Kalārdasht
0%
India 34280 Kalarūch
0%
India 9807 Kalas
0%
India 11198 Kalasa
0%
Thailand 34429 Kalasin
0%
Pakistan 22879 Kalat
0%
Iran 29751 Kalāteh-ye Mīr Āb
0%
Nepal 8577 Kalaun
0%
India 24857 Kālāvad
0%
India 12887 Kalavai
0%
India 10941 Kalavapūdi
0%
Greece 9223 Kalávryta
0%
Sri Lanka 51307 Kalawana
0%
Philippines 23812 Kalawit
0%
Philippines 24755 Kalayaan
0%
India 19510 Kalayapuram
0%
United Arab Emirates 51000 Kalbā
0%
Australia 1270 Kalbarri
0%
India 22072 Kālchīni
0%
Germany 10025 Kaldenkirchen
0%
Norway 8681 Kaldsletta
0%
Turkey 19202 Kale
0%
Turkey 12794 Kalecik
0%
Congo (Kinshasa) 146974 Kalemie
0%
India 22763 Kaler
0%
India 13704 Kaleyānpur
0%
Iran 9324 Kaleybar
0%
Cameroon 26223 Kalfou
0%
India 19377 Kalghatgi
0%
India 10365 Kalgi
0%
India 112014 Kaliānpur
0%
Philippines 89127 Kalibo
0%
India 8999 Kalicherla
0%
India 8575 Kāliganj
0%
Bangladesh 37038 Kālihāti
0%
India 15277 Kālikāpur
0%
India 26862 Kālikāvu
0%
India 13065 Kalikiri
0%
Philippines 43711 Kalilangan
0%
Congo (Kinshasa) 48337 Kalima
0%
India 9926 Kalimala
0%
India 40143 Kālimpong
0%
India 11358 Kalinagar
0%
India 8679 Kalinagar
0%
Philippines 39549 Kalingalan Caluang
0%
India 12389 Kalingiyam
0%
Russia 14949 Kalininsk
0%
Belarus 36941 Kalinkavichy
0%
India 11839 Kālipatnam
0%
Uganda 16796 Kaliro
0%
Uganda 31439 Kalisizo
0%
India 53530 Kāliyāganj
0%
Malta 3014 Kalkara
0%
India 8844 Kālkuni
0%
India 12838 Kallād
0%
India 9511 Kalladai
0%
India 11625 Kallakkudi
0%
India 73528 Kallakkurichchi
0%
India 12379 Kallamalai
0%
India 12245 Kallanai
0%
India 42006 Kallār
0%
India 9410 Kallayi
0%
India 1197412 Kalleli
0%
India 21732 Kalleribhāgam
0%
India 33984 Kallidaikurichi
0%
India 12157 Kalli Pachchhim
0%
India 31122 Kalliyasshēri
0%
India 12429 Kallupatti
0%
India 32728 Kallūr
0%
India 15807 Kallūr
0%
India 13107 Kallūr
0%
India 97483 Kallūru
0%
Ukraine 11422 Kalmiuske
0%
Belgium 18872 Kalmthout
0%
Sri Lanka 106780 Kalmunai
0%
India 56722 Kālna
0%
Hungary 14433 Kalocsa
0%
India 133737 Kalol
0%
India 42100 Kālol
0%
Uganda 15000 Kalongo
0%
India 21555 Kalpakathukonam
0%
India 29602 Kalpatta
0%
India 51670 Kālpi
0%
Sri Lanka 86405 Kalpitiya
0%
Russia 26400 Kaltan
0%
Serbia 26904 Kaluđerica
0%
India 18596 Kalugumalai
0%
Pakistan 39432 Kalu Khan
0%
Denmark 16486 Kalundborg
0%
Uganda 20000 Kalungu
0%
Ukraine 65088 Kalush
0%
Sri Lanka 37081 Kalutara
0%
India 10437 Kaluvāya
0%
Lithuania 4025 Kalvarija
0%
India 9320 Kalvārpatti
0%
India 28060 Kalwākurti
0%
India 32328 Kalyandrug
0%
India 100575 Kalyani
0%
India 9802 Kalyānpur
0%
India 17689 Kalyānpur Bamaiya
0%
Russia 12621 Kalyazin
0%
Greece 9683 Kálymnos
0%
Ukraine 18492 Kalynivka
0%
Greece 15486 Kalývia Thorikoú
0%
Mali 22949 Kamabougou
0%
Japan 109370 Kamagaya
0%
Japan 33061 Kamaishi
0%
India 19803 Kāmākhyānagar
0%
Japan 172929 Kamakurayama
0%
India 28815 Kamalāpuram
0%
India 12570 Kamalāpuram
0%
India 11493 Kamalāpuram
0%
India 10423 Kamalāpuram
0%
India 20623 Kāmalāpuram
0%
Thailand 9942 Kamalasai
0%
India 14659 Kamalganj
0%
Pakistan 121401 Kamalia
0%
India 12265 Kamalnagar
0%
Iran 141166 Kamālshahr
0%
Burma 20895 Kamamaung
0%
Turkey 21340 Kaman
0%
India 80315 Kāmāreddipet
0%
India 9555 Kamargani
0%
India 330211 Kāmārhāti
0%
Japan 35208 Kamata
0%
Greece 28361 Kamateró
0%
India 14380 Kamatgi
0%
India 16790 Kāmavarapukota
0%
India 16118 Kāmayakkavundanpatti
0%
India 15441 Kambadūru
0%
India 14299 Kambainellūr
0%
India 9963 Kambaliyampatti
0%
India 77736 Kambam
0%
India 9003 Kambaneri Pudukkudi
0%
Pakistan 97691 Kambar
0%
Russia 10080 Kambarka
0%
India 8681 Kambhampādu
0%
India 8681 Kambhampādu
0%
Sierra Leone 40000 Kambia
0%
Sierra Leone 40000 Kambia
0%
Mali 13974 Kambila
0%
India 17562 Kambla
0%
Congo (Kinshasa) 36702 Kambove
0%
India 8866 Kambūr
0%
India 9935 Kamdoli
0%
Japan 32382 Kameda-honchō
0%
Kosovo 36085 Kamenicë
0%
Russia 33491 Kamenka
0%
Russia 32385 Kamen’-na-Obi
0%
Russia 8723 Kamen’-Rybolov
0%
Russia 161085 Kamensk-Ural’skiy
0%
Japan 85962 Kameoka
0%
India 10319 Kāmepalle
0%
Russia 12028 Kameshkovo
0%
Japan 49457 Kameyama
0%
Ukraine 96896 Kamianets-Podilskyi
0%
Ukraine 10945 Kamianka
0%
Ukraine 10397 Kamianka-Buzka
0%
Ukraine 12117 Kamianka-Dniprovska
0%
Japan 47697 Kamidani
0%
Poland 17998 Kamienna Góra
0%
Poland 8564 Kamień Pomorski
0%
Japan 10500 Kamifurano
0%
Japan 13835 Kamigōri
0%
Japan 19318 Kamiichi
0%
Japan 33442 Kamiimaizumi
0%
Japan 11370 Kamiita
0%
Japan 10303 Kami-kawabe
0%
Japan 9830 Kamikita-kita
0%
Congo (Kinshasa) 156761 Kamina
0%
Ukraine 11713 Kamin-Kashyrskyi
0%
Japan 30886 Kaminokawa
0%
Japan 29974 Kaminoyama
0%
Japan 194460 Kamirenjaku
0%
Japan 29987 Kamisato
0%
Japan 15040 Kamitonda
0%
Congo (Kinshasa) 13995 Kamituga
0%
India 11878 Kamlāpur
0%
Slovenia 13800 Kamnik
0%
Japan 25971 Kamo
0%
Uganda 30000 Kamonkoli
0%
Congo (Kinshasa) 37034 Kampene
0%
Belgium 11898 Kampenhout
0%
Thailand 28817 Kamphaeng Phet
0%
Cambodia 118242 Kampong Cham
0%
Cambodia 41700 Kampong Chhnang
0%
Cambodia 33231 Kampong Speu
0%
Cambodia 31871 Kampong Thom
0%
Cambodia 19951 Kampong Thum
0%
Cambodia 83061 Kampong Trach
0%
Brunei 8809 Kampong Tunah Jambu
0%
Malaysia 38612 Kampung Baharu Nilai
0%
Indonesia 66211 Kampung Tengah
0%
India 14768 Kamrāwān
0%
India 12746 Kāmrej
0%
Guinea 68999 Kamsar
0%
India 12386 Kamtaul
0%
India 10437 Kāmthi
0%
India 17340 Kamudi
0%
Uganda 67800 Kamuli
0%
Uganda 19240 Kamwenge
0%
Russia 26933 Kamyshlov
0%
Russia 16154 Kamyzyak
0%
India 13107 Kanabūr
0%
Japan 36075 Kanada
0%
Japan 10557 Kanagichō
0%
India 9292 Kanajanahalli
0%
Syria 13950 Kanākir
0%
India 8865 Kanakpur
0%
Slovenia 1142 Kanal
0%
India 11135 Kanamadi
0%
Philippines 59696 Kananya
0%
India 9076 Kanasānapalle
0%
Russia 44354 Kanash
0%
Mexico 139753 Kanasín
0%
India 27955 Kanavāikuli
0%
India 8602 Kanavāypatti
0%
India 8745 Kanavāypudūr
0%
Japan 20364 Kanaya
0%
Japan 462479 Kanazawa
0%
Japan 12777 Kanbara
0%
Thailand 25651 Kanchanaburi
0%
Thailand 9492 Kanchanadit
0%
India 8987 Kanchanpalli
0%
India 9758 Kanchanpur
0%
India 8616 Kanchanpur
0%
India 22756 Kanchika
0%
India 129576 Kānchrāpāra
0%
India 20010 Kandakkadava
0%
India 8537 Kandanāti
0%
Indonesia 49604 Kandangan
0%
India 8520 Kandanūr
0%
India 14500 Kandela
0%
Pakistan 105011 Kandhkot
0%
Pakistan 44382 Kandiaro
0%
Taiwan 15209 Kanding
0%
Turkey 52874 Kandıra
0%
India 9217 Kandiyankovil
0%
India 15782 Kāndla Port
0%
Japan 74469 Kandori
0%
India 8990 Kāndra
0%
India 10283 Kandrāwān
0%
Russia 10885 Kandry
0%
India 57246 Kandukūr
0%
India 10212 Kandulāpuram
0%
Japan 15337 Kanegasaki
0%
India 19731 Kanekallu
0%
Senegal 12975 Kanel
0%
Mali 17232 Kangaba
0%
Turkey 8948 Kangal
0%
India 94874 Kangan
0%
Iran 60187 Kangān
0%
Pakistan 45000 Kanganpur
0%
Malaysia 48898 Kangar
0%
Australia 10394 Kangaroo Flat
0%
India 44000 Kāngayam
0%
India 18644 Kangazha
0%
China 63779 Kangbao
0%
Greenland 130 Kangersuatsiaq
0%
Korea, North 251971 Kanggye
0%
China 10300 Kangning
0%
China 174672 Kangqiao
0%
India 9539 Kanhai
0%
India 11274 Kanhāipur
0%
India 65499 Kānhangād
0%
India 8890 Kanhauli
0%
India 16187 Kanhauli Manohar
0%
Congo (Kinshasa) 36481 Kaniama
0%
Mali 13046 Kani-Bonzon
0%
Japan 36782 Kanie
0%
Gambia, The 382096 Kanifing
0%
India 37420 Kanigiri
0%
Ukraine 23172 Kaniv
0%
India 9019 Kaniwāra
0%
India 11064 Kaniyambādi
0%
India 10930 Kaniyūr
0%
India 14572 Kānjikkovil
0%
Serbia 9871 Kanjiža
0%
Finland 12394 Kankaanpää
0%
India 9438 Kankanālapalle
0%
India 12900 Kankandighi
0%
India 21650 Kānke
0%
India 14616 Kankipādu
0%
India 10665 Kānkōl
0%
India 12434 Kānkon
0%
India 36925 Kānkuria
0%
Japan 21145 Kanmaki
0%
India 13677 Kannadiparamba
0%
India 9027 Kannāl
0%
India 14526 Kannamanāyakkanūr
0%
India 55738 Kannamangalam
0%
India 9657 Kannamangalam
0%
India 23173 Kannamangalam Tekku
0%
India 15760 Kannampālaiyam
0%
India 9704 Kannāndahalli
0%
India 21137 Kannānendal
0%
India 3243170 Kannankulam
0%
India 19792 Kannānkurichchi
0%
India 18459 Kannapuram
0%
India 9211 Kannavam
0%
India 30123 Kanniparamba
0%
India 13750 Kannivādi
0%
India 19678 Kanniyākumāri
0%
India 12633 Kanniyambram
0%
India 20044 Kannod
0%
India 12778 Kannudaiyāmpatti
0%
India 9547 Kannūlu
0%
Uganda 12439 Kanoni
0%
Japan 57921 Kan’onjichō
0%
Japan 12567 Kanra
0%
Mali 17299 Kanrangana
0%
Russia 86816 Kansk
0%
India 26525 Kantābānji
0%
India 27549 Kantai
0%
India 10148 Kanteru
0%
Thailand 19392 Kantharalak
0%
India 11530 Kantilo
0%
Japan 94591 Kanuma
0%
Uganda 15056 Kanungu
0%
India 8591 Kanyākulam
0%
India 9976 Kanyāna
0%
Tanzania 232 Kanyato
0%
Botswana 48028 Kanye
0%
Congo (Kinshasa) 65000 Kanyobagonga
0%
Japan 30329 Kanzakimachi-kanzaki
0%
Zambia 14200 Kaoma
0%
India 8638 Kāoni
0%
India 14646 Kaonke
0%
Algeria 26137 Kaous
0%
United States 10886 Kapaa
0%
India 49308 Kapadvanj
0%
Turkey 137514 Kapaklı
0%
Philippines 81068 Kapalong
0%
Armenia 43190 Kapan
0%
Philippines 19297 Kapangan
0%
India 9960 Kapasiāwān
0%
Philippines 62571 Kapatagan
0%
Philippines 20581 Kapay
0%
Kazakhstan 54245 Kapchagay
0%
Uganda 12900 Kapchorwa
0%
Uganda 10000 Kapelebyong
0%
Netherlands 12882 Kapelle
0%
Belgium 26981 Kapellen
0%
Belgium 9396 Kapelle-op-den-Bos
0%
Kenya 25000 Kapenguria
0%
Austria 22798 Kapfenberg
0%
Zambia 14792 Kapiri Mposhi
0%
South Sudan 7000 Kapoeta
0%
United States 23033 Kapolei
0%
Hungary 58830 Kaposvár
0%
India 17645 Kappiyara
0%
India 209882 Kāpra
0%
Kenya 17918 Kapsabet
0%
India 101854 Kapūrthala
0%
Hungary 10024 Kapuvár
0%
Belarus 9985 Kapyl
0%
Turkey 33718 Karaağaç
0%
Kyrgyzstan 8923 Kara-Bak
0%
Kyrgyzstan 48278 Kara-Balta
0%
Russia 13150 Karabanovo
0%
Russia 10339 Karabash
0%
Turkey 125403 Karabük
0%
Russia 44323 Karabulak
0%
Turkey 12200 Karaburun
0%
Turkey 84907 Karacabey
0%
Turkey 17620 Karacasu
0%
Russia 23728 Karachayevsk
0%
Russia 17449 Karachev
0%
Turkey 22250 Karaçoban
0%
India 85500 Karād
0%
India 8949 Karadge
0%
India 10641 Karadichittūr
0%
India 8695 Karadipāra
0%
India 9613 Kāradka
0%
Ghana 15581 Karaga
0%
Uganda 12045 Karagwe
0%
India 12903 Karāhal
0%
India 17409 Karahia
0%
Iran 29721 Karahrūd
0%
India 14026 Kārai
0%
India 659260 Karaikandi
0%
India 303291 Kāraikkudi
0%
Turkey 22042 Karaisalı
0%
India 20354 Karaiyāmpudūr
0%
India 36983 Karaiyāmputtur
0%
India 9910 Karajgi
0%
Indonesia 54381 Karak
0%
Pakistan 35844 Karak
0%
China 66541 Karakax
0%
Turkey 14811 Karakoçan
0%
Kyrgyzstan 18843 Kara-Köl
0%
Kyrgyzstan 85588 Karakol
0%
Turkey 265035 Karaköprü
0%
India 10927 Karakthal
0%
Kyrgyzstan 15616 Kara-Kulja
0%
India 27999 Kārākurisshi
0%
Kyrgyzstan 12990 Kara-Kyshtak
0%
India 36718 Kāramadai
0%
Turkey 175390 Karaman
0%
India 15913 Karambakkudi
0%
India 50821 Karamdiha
0%
Russia 10 Karamken
0%
Turkey 59676 Karamürsel
0%
India 11667 Kāranchedu
0%
Indonesia 86402 Karanganyar
0%
India 100947 Kāranja
0%
India 28302 Karanjiā
0%
India 9764 Karankot
0%
India 10086 Karapa
0%
Turkey 50323 Karapınar
0%
Turkey 13339 Karapürçek
0%
India 26876 Kararān
0%
India 8846 Karariyā
0%
Namibia 4401 Karasburg
0%
Turkey 70600 Karasu
0%
Russia 28300 Karasuk
0%
Kyrgyzstan 20862 Kara-Suu
0%
Turkey 23499 Karataş
0%
Kyrgyzstan 10797 Kara-Tash
0%
Turkey 136625 Karatepe
0%
India 9489 Karath
0%
Japan 116052 Karatsu
0%
India 9719 Karattuppālaiyam
0%
India 11957 Karaund
0%
India 23709 Karavalūr
0%
Kyrgyzstan 8657 Karavan
0%
India 25779 Karavaram
0%
Turkey 25543 Karayazı
0%
Turkey 9074 Karayılan
0%
Germany 23253 Karben
0%
North Macedonia 574 Karbinci
0%
Hungary 18270 Karcag
0%
Poland 9566 Karczew
0%
Greece 55979 Kardítsa
0%
Estonia 3160 Kärdla
0%
Bulgaria 51841 Kardzhali
0%
India 11073 Karebilachi
0%
India 12573 Karedu
0%
India 33056 Kareli
0%
Tanzania 16385 Karema
0%
India 14385 Kārempūdi
0%
India 31026 Karera
0%
India 9922 Kargahiā Purab
0%
Russia 8316 Kargat
0%
India 9835 Karghar
0%
Kenya 10000 Kargi
0%
India 16338 Kargil
0%
China 75730 Kargilik
0%
Turkey 13959 Kargıpınar
0%
Russia 8737 Kargopol
0%
Morocco 20859 Karia Ba Mohamed
0%
India 23873 Karian
0%
Madagascar 21000 Karianga
0%
Morocco 11238 Kariat Ben Aouda
0%
Zimbabwe 27600 Kariba
0%
Namibia 5132 Karibib
0%
India 10898 Karikād
0%
Benin 66675 Karimama
0%
India 27480 Karimba
0%
India 56854 Karīmganj
0%
India 12188 Karimkunnum
0%
India 797447 Karīmnagar
0%
India 9661 Karīmpur
0%
Indonesia 9926 Karimunjawa
0%
India 28888 Karippira
0%
Finland 9155 Karis
0%
India 13258 Karivalamvandanallūr
0%
Japan 153178 Kariya
0%
Japan 45747 Kariya
0%
India 18454 Kāriyāpatti
0%
Iran 11102 Kārīz
0%
India 30405 Karjan
0%
India 200000 Karjat
0%
India 25824 Kārkala
0%
India 17456 Karkamb
0%
Turkey 9379 Karkamış
0%
Finland 8581 Karkkila
0%
India 14316 Kārkūdalpatti
0%
India 19874 Karlapālem
0%
Turkey 9016 Karlıova
0%
Ukraine 14045 Karlivka
0%
Croatia 49377 Karlovac
0%
Bulgaria 21339 Karlovo
0%
Germany 10918 Karlsdorf-Neuthard
0%
Sweden 27562 Karlskoga
0%
India 13681 Karma
0%
Sudan 3928 Karmah an Nuzul
0%
Uzbekistan 20816 Karmana
0%
Russia 8540 Karmaskaly
0%
India 11634 Karmauli
0%
India 42203 Kārmegh
0%
Israel 45300 Karmiel
0%
India 357334 Karnāl
0%
India 13545 Karnāwad
0%
Bulgaria 22464 Karnobat
0%
Zimbabwe 34200 Karoi
0%
Malawi 61609 Karonga
0%
India 8899 Karor
0%
India 13607 Karpi
0%
Russia 25396 Karpinsk
0%
Turkey 10590 Karpuzlu
0%
Bahrain 12000 Karrānah
0%
India 12227 Karrāpur
0%
Australia 17013 Karratha
0%
India 9230 Karsaut
0%
Turkey 346264 Karşıyaka
0%
India 42446 Kārsiyāng
0%
Turkey 483418 Kartal
0%
India 10581 Kartāl
0%
Russia 13700 Kartaly
0%
India 33207 Kartārpur
0%
India 20052 Kārtikapalli
0%
India 19417 Kārttigappalli
0%
Poland 14204 Kartuzy
0%
India 14049 Karugamād
0%
Philippines 37748 Karuhatan
0%
Japan 19648 Karuizawa
0%
India 20133 Karukachal
0%
Afghanistan 17484 Karukh
0%
India 10523 Karukkalvādi
0%
India 24860 Karukurti
0%
India 26495 Karumāndi Chellipālaiyam
0%
India 34949 Karumattampatti
0%
Australia 487 Karumba
0%
India 10000 Karumūlaikkal
0%
India 49604 Karunāgapalli
0%
Kenya 2376 Karungu
0%
India 18321 Karuppur
0%
India 8533 Karuppūr
0%
India 394719 Karūr
0%
India 30473 Karuvakulam
0%
India 38153 Karuvambram
0%
India 10739 Karuvelampatti
0%
India 13498 Karuvellūr
0%
India 8733 Karuveppampatti
0%
Burundi 10317 Karuzi
0%
India 44434 Karvārakundu
0%
India 12031 Kārvetnagar
0%
Czechia 49724 Karviná
0%
India 155213 Kārwār
0%
Uganda 9000 Kasaali
0%
Japan 15565 Kasagi
0%
Japan 12282 Kasaishi
0%
Congo (Kinshasa) 11969 Kasaji
0%
Zambia 101845 Kasama
0%
Japan 73521 Kasama
0%
Japan 22415 Kasamatsuchō
0%
Uganda 14000 Kasanda
0%
Botswana 9008 Kasane
0%
Uganda 207800 Kasangati
0%
Congo (Kinshasa) 27961 Kasangulu
0%
Japan 46080 Kasaoka
0%
India 8525 Kasāp
0%
India 54172 Kāsaragod
0%
India 10565 Kasavanampatti
0%
India 33691 Kasba
0%
India 10067 Kasba
0%
India 18267 Kasba Maker
0%
India 200000 Kasba Patāspur
0%
Morocco 9412 Kasba Tanora
0%
Japan 31397 Kaseda-shirakame
0%
Zambia 111272 Kasempa
0%
Uganda 115400 Kasese
0%
Thailand 11217 Kaset Wisai
0%
Iran 11459 Kashaf
0%
Iran 304487 Kāshān
0%
Tanzania 12508 Kashasha
0%
Japan 78346 Kashiba
0%
Zambia 150000 Kashikishi
0%
Russia 14113 Kashin
0%
India 321623 Kāshīpur
0%
Japan 81027 Kashiwazaki
0%
Kyrgyzstan 20334 Kashkar-Kyshtak
0%
Iran 102282 Kāshmar
0%
Pakistan 63984 Kashmor
0%
India 14235 Kāshti
0%
Philippines 41776 Kasibu
0%
India 15753 Kasimkota
0%
Russia 27821 Kasimov
0%
India 73425 Kāsipālaiyam
0%
Russia 15006 Kasli
0%
Indonesia 18572 Kasongan
0%
Congo (Kinshasa) 63000 Kasongo
0%
Congo (Kinshasa) 23820 Kasongo-Lunda
0%
Russia 13919 Kaspiyskiy
0%
India 25146 Kasrāwad
0%
Mali 19230 Kassama
0%
Mali 18442 Kassaro
0%
Mali 16275 Kassorola
0%
Turkey 125622 Kastamonu
0%
Croatia 10202 Kastav
0%
Croatia 37794 Kaštel Stari
0%
Belgium 18882 Kasterlee
0%
Greece 12548 Kastoriá
0%
Belarus 14870 Kastsyukovichy
0%
Tanzania 238321 Kasulu
0%
Congo (Kinshasa) 47213 Kasumbalesa
0%
Japan 16256 Kasumi
0%
Japan 39993 Kasumigaura
0%
India 21345 Kasumpti
0%
Malawi 58653 Kasungu
0%
Pakistan 314617 Kasur
0%
Japan 47981 Kasuya
0%
Japan 31558 Katagami
0%
Benin 12173 Katagon
0%
India 9643 Kataha
0%
India 8865 Katahra
0%
India 20304 Katākos
0%
Uganda 9100 Katakwi
0%
India 10165 Katālpur
0%
India 22521 Katangi
0%
India 19487 Katangi
0%
Australia 3637 Katanning
0%
India 9843 Katarmāla
0%
Russia 16732 Katav-Ivanovsk
0%
Burma 167700 Katha
0%
India 12476 Kathāniān
0%
Australia 1254 Katherine
0%
India 13209 Kathevaram
0%
Pakistan 80000 Kathri
0%
Thailand 26078 Kathu
0%
South Africa 11510 Kathu
0%
India 59866 Kathua
0%
India 9639 Kathūrah
0%
Mali 66895 Kati
0%
Mali 33180 Katiéna
0%
India 9484 Katigang
0%
India 240565 Katihār
0%
Namibia 28699 Katima Mulilo
0%
Côte d’Ivoire 90641 Katiola
0%
Philippines 44661 Katipunan
0%
India 22143 Katkol
0%
South Africa 467890 Katlehong
0%
Cyprus 22369 Káto Polemídia
0%
Japan 74469 Katori
0%
Uganda 16442 Katosi
0%
India 81615 Kātoya
0%
India 19683 Kātpādi
0%
India 10669 Katra
0%
India 14164 Kātrāvulapalle
0%
India 221875 Katri
0%
India 8688 Katrīdih
0%
Sweden 24271 Katrineholm
0%
Madagascar 10000 Katsepy
0%
Japan 37225 Katsuragi
0%
Japan 40541 Katsuren-haebaru
0%
Japan 451772 Katsushika-ku
0%
Uzbekistan 62300 Kattagan
0%
India 9758 Kāttāgaram
0%
India 11642 Kāttakampāla
0%
India 8980 Kattamūru
0%
India 19764 Kattanam
0%
Uzbekistan 90600 Kattaqo’rg’on Shahri
0%
India 10751 Kattāri
0%
India 9247 Katteragandla
0%
India 35795 Kāttipparutti
0%
India 10680 Kattipūdi
0%
India 8627 Kattirippulam
0%
India 43018 Kattivākkam
0%
India 16698 Kattiyeri
0%
India 12324 Kāttukkottai
0%
India 11115 Kāttupputtūr
0%
Paraguay 8681 Katueté
0%
India 9336 Kātūria
0%
Uganda 1957 Katwe
0%
Netherlands 66607 Katwijk
0%
India 13135 Kaua Kol
0%
Germany 12752 Kaufungen
0%
India 9227 Kaujalgi
0%
United States 17237 Kaukauna
0%
Bangladesh 70515 Kaukhāli
0%
India 12826 Kaul
0%
India 9906 Kaunra
0%
Nigeria 281367 Kaura Namoda
0%
India 10810 Kaurihār
0%
India 13842 Kāuriya
0%
Philippines 24193 Kauswagan
0%
India 11670 Kautālam
0%
North Macedonia 6228 Kavadarci
0%
Albania 20192 Kavajë
0%
Turkey 22747 Kavak
0%
Turkey 10909 Kavaklıdere
0%
Greece 65857 Kavála
0%
Russia 18657 Kavalerovo
0%
India 90099 Kāvali
0%
India 22765 Kavallemmāvu
0%
Iran 31711 Kavār
0%
India 11473 Kavaratti
0%
Bulgaria 11202 Kavarna
0%
India 18978 Kāveripatnam
0%
Papua New Guinea 19849 Kavieng
0%
India 13097 Kavitāl
0%
India 11984 Kaviti
0%
Sweden 32341 Kävlinge
0%
India 33227 Kavundappādi
0%
Japan 486464 Kawachichō
0%
Japan 100415 Kawachinagano
0%
India 11179 Kawadgaon
0%
Japan 354598 Kawagoe
0%
Japan 15048 Kawagoe
0%
Japan 16983 Kawai
0%
Japan 9238 Kawai
0%
Japan 14196 Kawaii
0%
Japan 12537 Kawamata
0%
Zambia 20589 Kawambwa
0%
Japan 15151 Kawaminami
0%
Japan 9955 Kawara
0%
Niger 9064 Kawara
0%
Japan 152076 Kawashiri
0%
Japan 13370 Kawatana
0%
Philippines 20455 Kawayan
0%
Philippines 107535 Kawit
0%
Burma 48468 Kawkareik
0%
Burma 25254 Kawlin
0%
Egypt 71596 Kawm Umbū
0%
Burma 57949 Kawthoung
0%
Burkina Faso 122949 Kaya
0%
Turkey 111395 Kayabaşı
0%
India 43116 Kāyalpattanam
0%
India 68634 Kāyankulam
0%
India 16028 Kāyanna
0%
Burundi 21767 Kayanza
0%
Philippines 26469 Kayapa
0%
Turkey 419513 Kayapınar
0%
India 17159 Kayaralam
0%
India 12162 Kayattār
0%
Turkey 24483 Kaynarca
0%
Turkey 10176 Kaynaşlı
0%
United States 32861 Kaysville
0%
Uganda 30000 Kayunga
0%
Kyrgyzstan 9561 Kayyngdy
0%
Russia 1188 Kazachye
0%
Bulgaria 89197 Kazanlak
0%
Kyrgyzstan 11191 Kazarman
0%
Iran 96683 Kāzerūn
0%
India 23186 Kazhukambalam
0%
Hungary 23990 Kazincbarcika
0%
Lithuania 5507 Kazlų Rūda
0%
Japan 112792 Kazo
0%
Uganda 10200 Kazo
0%
United States 9729 Keansburg
0%
United Kingdom 14212 Kearsley
0%
Senegal 20000 Kébémer
0%
Mali 23580 Kébila
0%
Ethiopia 543272 K’ebrī Beyah
0%
Ethiopia 499500 K’ebrī Dehar
0%
Turkey 939279 Keçiören
0%
Lithuania 23447 Kėdainiai
0%
India 23283 Kedavūr
0%
India 45000 Kedgaon
0%
India 23213 Kedia
0%
Indonesia 252000 Kediri
0%
Senegal 11216 Kédougou
0%
China 27363 Kedu
0%
Poland 56931 Kędzierzyn-Koźle
0%
Belgium 12743 Keerbergen
0%
Namibia 16800 Keetmanshoop
0%
India 20440 Keevallur
0%
Indonesia 47628 Kefamenanu
0%
Israel 100800 Kefar Sava
0%
Israel 28025 Kefar Yona
0%
Nigeria 85911 Keffi
0%
Sri Lanka 17962 Kegalle
0%
Kazakhstan 9049 Kegen
0%
Uzbekistan 12400 Kegeyli Shahar
0%
Indonesia 11779 Kehen
0%
United Kingdom 53331 Keighley
0%
Estonia 10499 Keila
0%
South Africa 12000 Keimoes
0%
Japan 12876 Keisen
0%
India 64937 Keitumkawn
0%
Cameroon 20579 Kekem
0%
Tunisia 63264 Kelaa Kebira
0%
Ethiopia 14242 Kelafo
0%
India 14911 Kela Khera
0%
India 14588 Kelamangalam
0%
Indonesia 10353 Kelandis
0%
India 13910 Kelangāh
0%
Azerbaijan 600 Kəlbəcər
0%
Uzbekistan 30600 Keles
0%
Turkey 10955 Keles
0%
Tunisia 62993 Kélibia
0%
Madagascar 10747 Kelilalina
0%
Iran 23203 Kelīshād va Sūdarjān
0%
Germany 29106 Kelkheim (Taunus)
0%
Turkey 21316 Kelkit
0%
Lithuania 7512 Kelmė
0%
United States 12697 Kelso
0%
Australia 8968 Kelso
0%
Turkey 114250 Kemalpaşa
0%
Germany 9279 Kemberg
0%
India 17346 Kembhāvi
0%
Japan 11494 Kemigawa
0%
Kyrgyzstan 10354 Kemin
0%
Ethiopia 19420 Kemisē
0%
United States 14437 Kemp Mill
0%
Australia 474 Kempsey
0%
United Kingdom 20736 Kempston
0%
South Africa 171575 Kempton Park
0%
Algeria 13492 Kenadsa
0%
Morocco 10706 Kenafif
0%
India 9093 Kenār
0%
United States 33407 Ken Caryl
0%
United States 10765 Kendall Park
0%
United States 10094 Kendallville
0%
United States 35492 Kendall West
0%
Indonesia 331013 Kendari
0%
India 41404 Kendrāparha
0%
India 11033 Kenduadīh
0%
Kenya 91248 Kendu Bay
0%
Sierra Leone 188463 Kenema
0%
India 9985 Kengarai
0%
Congo (Kinshasa) 44743 Kenge
0%
India 56040 Kengri
0%
Burma 75865 Kengtung
0%
Guinea 37944 Kéniéran
0%
Malaysia 173130 Keningau
0%
United Kingdom 14966 Kenley
0%
United States 23594 Kenmore
0%
United States 15097 Kenmore
0%
Mali 24359 Kenndié
0%
United States 8954 Kennedale
0%
Hong Kong 54000 Kennedy Town
0%
United States 10236 Kennett
0%
United States 8763 Kennett
0%
Canada 14967 Kenora
0%
Kazakhstan 81484 Kentaū
0%
United Kingdom 35600 Kenton
0%
Germany 11071 Kenzingen
0%
United States 9748 Keokuk
0%
India 11668 Keolāri
0%
India 57232 Keonjhargarh
0%
India 8850 Keora
0%
India 17293 Keota
0%
Poland 13951 Kępno
0%
Turkey 21825 Kepsut
0%
India 10728 Kerāi
0%
India 15022 Kēralasshēri
0%
India 9452 Kerap
0%
Greece 75721 Keratsíni
0%
Kyrgyzstan 14141 Kerben
0%
Malta 1938 Kerċem
0%
India 8528 Keregodu
0%
Papua New Guinea 6551 Kerema
0%
Eritrea 146500 Keren
0%
Hungary 13569 Kerepestarcsa
0%
Gambia, The 2751 Kerewan
0%
Kenya 30023 Kericho
0%
New Zealand 6960 Kerikeri
0%
Netherlands 45442 Kerkrade
0%
Greece 23541 Kérkyra
0%
United States 27439 Kernersville
0%
Benin 37419 Kérou
0%
Guinea 15406 Kérouané
0%
United States 24532 Kerrville
0%
Kenya 14056 Kerugoya
0%
India 22726 Kerūr
0%
India 10000 Kerwāda
0%
India 12073 Kesabpur
0%
India 62323 Kesamudram
0%
Turkey 83874 Keşan
0%
Turkey 9227 Keşap
0%
India 12144 Kesarimangalam
0%
India 13469 Kesariyā
0%
India 16390 Kesath
0%
India 36836 Kesavapuram
0%
Sri Lanka 243842 Kesbewa
0%
China 72403 Keshan
0%
India 76193 Keshod
0%
India 9801 Keshwāri
0%
Turkey 9183 Keskin
0%
Azerbaijan 25626 Keşlə
0%
India 9331 Kesli
0%
Belgium 30317 Kessel-Lo
0%
Turkey 15445 Kestel
0%
Canada 27145 Keswick
0%
Hungary 17849 Keszthely
0%
Ghana 22739 Keta
0%
Morocco 16690 Ketama
0%
Indonesia 92755 Ketapang
0%
Ghana 11788 Kete Krachi
0%
Benin 156497 Kétou
0%
Poland 26174 Kętrzyn
0%
Germany 13141 Ketsch
0%
India 32384 Ketti
0%
India 9990 Ketugrām
0%
Poland 18067 Kęty
0%
Togo 12000 Kévé
0%
Germany 28466 Kevelaer
0%
United States 12280 Kewanee
0%
India 12518 Kewatgāwān
0%
United Kingdom 14915 Kew Green
0%
United States 14560 Key Biscayne
0%
United States 12069 Key Largo
0%
United Kingdom 16641 Keynsham
0%
Tanzania 10810 Keza
0%
Zimbabwe 15000 Kezi
0%
Slovakia 15304 Kežmarok
0%
Lebanon 9613 Kfar Aabîda
0%
Lebanon 20000 Kfar Kiddé
0%
India 39382 Khāchrod
0%
Nepal 26301 Khā̃dbāri̇̄
0%
Algeria 14045 Khadra
0%
Russia 21829 Khadyzhensk
0%
India 9508 Khagam
0%
India 59691 Khagaria
0%
India 63763 Khagaul
0%
India 8935 Khagaur
0%
India 12595 Khagra
0%
India 35751 Khair
0%
India 15108 Khaira
0%
India 10071 Khaira
0%
India 48490 Khairābād
0%
India 23011 Khairā Tolā
0%
India 10240 Khair Khān
0%
Pakistan 144949 Khairpur Mir’s
0%
Pakistan 300000 Khairpur Tamewah
0%
India 38298 Khairtal
0%
India 34784 Khajamahalpur
0%
India 13823 Khajawa
0%
India 24481 Khajurāho
0%
India 11854 Khajuri
0%
India 9303 Khajuri
0%
India 8527 Khajuri
0%
India 24793 Khalāri
0%
Iran 38521 Khalkhāl
0%
India 14464 Khallikot
0%
India 80991 Khamānon Kalān
0%
India 19191 Khamaria
0%
India 100000 Khambhāliya
0%
India 98700 Khambhāt
0%
Yemen 18645 Khamir
0%
Saudi Arabia 99213 Khamīs Mushayţ
0%
Burma 20500 Khampat
0%
Iraq 31161 Khānah Sūr
0%
India 345839 Khānāpur
0%
India 13485 Khānāpur
0%
India 8787 Khānāpur
0%
Iraq 11791 Khānaqīn
0%
Iran 10878 Khān Bebīn
0%
India 12000 Khānda
0%
India 9292 Khandāich
0%
India 57698 Khandāla
0%
India 8625 Khandauli
0%
India 22044 Khandela
0%
India 15000 Khāndhār
0%
India 11559 Khandpara
0%
India 8871 Khandrauli
0%
India 9959 Khāndsa
0%
India 200738 Khandwa
0%
Russia 6796 Khandyga
0%
Pakistan 281890 Khanewal
0%
India 11456 Khāngāon
0%
India 16605 Khaniādhāna
0%
India 10899 Khānjahānpur
0%
Pakistan 160308 Khanpur
0%
India 17247 Khānpur
0%
India 12066 Khānpur
0%
India 10000 Khānpur
0%
India 9424 Khānpur Khairanti
0%
India 11774 Khānsāhibpuram
0%
Syria 55843 Khān Shaykhūn
0%
Thailand 15416 Khao Yoi
0%
Pakistan 175000 Khapalu
0%
India 9929 Khāpdeh
0%
Russia 18514 Kharabali
0%
India 9377 Kharagbani
0%
India 207604 Kharagpur
0%
India 35739 Kharagpur
0%
India 9291 Kharahara
0%
India 12605 Kharak Kalān
0%
Pakistan 80806 Kharan
0%
India 55821 Kharar
0%
India 12118 Kharar
0%
India 108496 Khardah
0%
India 16385 Khargāpur
0%
India 215000 Khargone
0%
India 11209 Khargrām
0%
India 17699 Kharhiāl
0%
India 9839 Khariāl
0%
Pakistan 85765 Kharian
0%
India 42638 Kharik
0%
India 9212 Kharika
0%
India 8606 Kharod
0%
India 8965 Kharsāwān
0%
India 8873 Kharsod B
0%
Ukraine 56182 Khartsyzk
0%
India 23473 Khārupatia
0%
Iran 13535 Kharv-e Soflá
0%
Oman 17777 Khaşab
0%
India 9046 Khāsbalanda
0%
Iran 56584 Khāsh
0%
Georgia 24601 Khashuri
0%
India 9535 Khāspur
0%
Morocco 14178 Khat Azakane
0%
India 27745 Khātegaon
0%
India 9793 Khathjari
0%
India 227226 Khatīma
0%
Syria 10830 Khaţţāb
0%
India 51991 Khattan
0%
India 8603 Khaur
0%
India 9448 Khāwad
0%
India 10355 Khawaspur
0%
United Arab Emirates 43223 Khawr Fakkān
0%
Burma 22663 Khaw Zar Chaung Wa
0%
South Africa 391749 Khayelitsha
0%
India 16892 Khed
0%
India 102587 Kheda
0%
India 25001 Khed Brahma
0%
Algeria 22241 Kheïredine
0%
India 75000 Khejroli
0%
Algeria 23537 Khelil
0%
Algeria 76474 Khemis el Khechna
0%
Algeria 84574 Khemis Miliana
0%
India 11938 Khem Karan
0%
India 8875 Khem Karan Saray
0%
Morocco 26246 Khenichet-sur Ouerrha
0%
Morocco 228567 Khénifra
0%
India 11234 Khera Kalān
0%
India 20143 Kherālu
0%
Iran 18477 Kherāmeh
0%
India 13912 Khergām
0%
India 13537 Kheri Naru
0%
Algeria 35077 Kherrata
0%
Vietnam 13927 Khe Sanh
0%
Iran 9599 Khesht
0%
India 18827 Khetia
0%
India 8850 Khetko
0%
Pakistan 80000 Khewra
0%
India 15400 Khijri
0%
India 20218 Khilchipur
0%
Russia 10607 Khilok
0%
India 11585 Khimlāsa
0%
Pakistan 332833 Khipro
0%
India 10307 Khiram
0%
Syria 16240 Khirbat Ghazālah
0%
India 16642 Khirhar
0%
India 13209 Khiria
0%
India 25000 Khiria Jhānsi
0%
India 8982 Khiriāwān
0%
India 23082 Khirkiyān
0%
India 16384 Khirpai
0%
India 19817 Khizrpur
0%
Thailand 56128 Khlong Luang
0%
Thailand 10835 Khlung
0%
Ukraine 26916 Khmilnyk
0%
Morocco 14165 Khmis Sidi al ’Aydi
0%
Iran 164493 Khodābandeh
0%
Iran 34921 Khodābandeh
0%
Ukraine 8954 Khodoriv
0%
India 17908 Khokha
0%
India 10600 Khokri Kalān
0%
Russia 24884 Kholmsk
0%
Iran 12901 Khomām
0%
Senegal 15587 Khombole
0%
Iran 72882 Khomeyn
0%
Iran 247128 Khomeynī Shahr
0%
Iran 19217 Khonj
0%
Thailand 412758 Khon Kaen
0%
Tajikistan 12159 Khonobod
0%
India 108648 Khopoli
0%
India 274403 Khorabar
0%
India 8919 Khorāgāchhi
0%
Russia 10 Khorgo
0%
Ukraine 12540 Khorol
0%
Russia 9742 Khorol
0%
Iran 200000 Khorramābād
0%
Iran 11542 Khorramābād
0%
Iran 55368 Khorramdarreh
0%
Iran 133097 Khorramshahr
0%
Tajikistan 30500 Khorugh
0%
Iran 21972 Khosrowshahr
0%
Afghanistan 160214 Khōst
0%
Russia 20468 Khotkovo
0%
Ukraine 18426 Khotyn
0%
Tajikistan 10601 Khovaling
0%
India 21387 Khowai
0%
Iran 86063 Khowrāsgān
0%
Iran 40722 Khowrmūj
0%
Iran 20301 Khowrzūq
0%
Iran 198845 Khowy
0%
Belarus 13167 Khoyniki
0%
Ukraine 27370 Khrestivka
0%
Kazakhstan 21156 Khromtaū
0%
Ukraine 79533 Khrustalnyi
0%
Ukraine 9879 Khrystynivka
0%
Tajikistan 770000 Khŭjand
0%
India 12250 Khujner
0%
Saudi Arabia 63445 Khulayş
0%
India 12794 Khuldābād
0%
Afghanistan 28078 Khulm
0%
Tunisia 12892 Khunays
0%
India 9537 Khundāwandpur
0%
India 29271 Khunti
0%
India 16304 Khunti Dhanaili
0%
India 54794 Khurai
0%
India 9956 Khurān Milik
0%
India 120204 Khurda
0%
Tajikistan 10451 Khurmi
0%
Pakistan 110868 Khushab
0%
India 16109 Khusropur
0%
Ukraine 28039 Khust
0%
India 17558 Khutāha
0%
India 16197 Khutauna
0%
India 8520 Khutha Baijnāth
0%
China 43127 Khutubi
0%
Pakistan 141395 Khuzdar
0%
Iran 33189 Khvāf
0%
Russia 12042 Khvalynsk
0%
Iran 20490 Khvānsār
0%
Pakistan 265571 Khwazakhela
0%
Australia 6881 Kiama
0%
Philippines 65774 Kiamba
0%
Kenya 147870 Kiambu
0%
Philippines 17691 Kiangan
0%
Madagascar 18197 Kiangara
0%
Iran 14022 Kīāshahr
0%
Uganda 12000 Kibaale
0%
Tanzania 265360 Kibaha
0%
Uganda 7600 Kibale
0%
Mali 9781 Kiban
0%
Congo (Kinshasa) 946372 Kibanseke Première
0%
Philippines 41897 Kibawe
0%
Tanzania 8759 Kibaya
0%
Rwanda 25885 Kibeho
0%
Japan 10495 Kibichūō
0%
Uganda 12984 Kibiito
0%
Uganda 8000 Kibingo
0%
Tanzania 30163 Kibiti
0%
Philippines 49381 Kiblawan
0%
Uganda 22400 Kiboga
0%
Uganda 25000 Kibuku
0%
Philippines 17051 Kibungan
0%
Rwanda 11537 Kibungo
0%
Rwanda 12325 Kibuye
0%
North Macedonia 7280 Kičevo
0%
India 221965 Kichha
0%
Mali 15086 Kidal
0%
India 33293 Kidamangalam
0%
India 36602 Kidangazhi
0%
Philippines 160791 Kidapawan
0%
United Kingdom 14300 Kidbrooke
0%
Senegal 10065 Kidira
0%
United Kingdom 13596 Kidlington
0%
Slovenia 1257 Kidričevo
0%
United Kingdom 23467 Kidsgrove
0%
Poland 10572 Kiełczów
0%
Vietnam 24287 Kiên Lương
0%
Germany 16320 Kierspe
0%
Papua New Guinea 6958 Kieta
0%
Mauritania 110714 Kiffa
0%
Greece 47332 Kifisiá
0%
Mali 15502 Kifosso
0%
Iraq 32870 Kifrī
0%
Mali 33962 Kignan
0%
Tanzania 232388 Kigoma
0%
Uganda 22000 Kigumba
0%
United States 22564 Kihei
0%
Uganda 20349 Kihihi
0%
Japan 14392 Kihoku
0%
Benin 12398 Kika
0%
Serbia 28743 Kikinda
0%
Libya 10350 Kiklah
0%
Uganda 18100 Kikube
0%
Japan 45971 Kikuchi
0%
Japan 47194 Kikugawa
0%
Japan 43430 Kikuyō
0%
Kenya 323881 Kikuyu
0%
India 40143 Kīlakkarai
0%
India 8627 Kīlakkurichchi
0%
India 8915 Kilānkundal
0%
India 14129 Kīlattingal
0%
Switzerland 8851 Kilchberg
0%
Ireland 8674 Kilcock
0%
United States 13444 Kilgore
0%
Benin 10616 Kilibo
0%
Kenya 122899 Kilifi
0%
Ukraine 18745 Kiliia
0%
Turkey 19989 Kilimli
0%
Tanzania 23426 Kilindoni
0%
Sri Lanka 103717 Kilinochchi
0%
Turkey 112187 Kilis
0%
Greece 12276 Kilkís
0%
India 11136 Kīlkottai
0%
India 10150 Kilkunda
0%
India 13066 Killai
0%
United Kingdom 9259 Killamarsh
0%
Ireland 14412 Killarney
0%
India 9119 Killimangalam
0%
Ireland 10600 Killiney
0%
United Kingdom 20079 Killingworth
0%
India 18633 Kīlmangalam
0%
United Kingdom 46350 Kilmarnock
0%
India 10272 Kīlminnal
0%
Tanzania 43418 Kilosa
0%
India 10024 Kīl Perambalūr
0%
India 10755 Kīlrājakularāman
0%
United Kingdom 10080 Kilsyth
0%
India 9801 Kīl Vālūr
0%
India 48519 Kīlvishāram
0%
United Kingdom 16460 Kilwinning
0%
Korea, South 531966 Kimhae
0%
Kenya 56050 Kimilili
0%
Korea, South 81357 Kimje
0%
Russia 26475 Kimovsk
0%
Congo (Kinshasa) 10578 Kimpese
0%
Russia 40875 Kimry
0%
Uganda 15700 Kimwanyi
0%
Uzbekistan 14937 Kimyogarlar
0%
India 9930 Kinālūr
0%
India 11419 Kinattukkadavu
0%
Canada 11389 Kincardine
0%
Burkina Faso 32207 Kindi
0%
Guinea 181126 Kindia
0%
Congo (Kinshasa) 172321 Kindu
0%
Russia 36358 Kinel
0%
Russia 16658 Kinel’-Cherkassy
0%
Australia 10020 Kingaroy
0%
South Georgia And South Sandwich Islands 20 King Edward Point
0%
France 13265 Kingersheim
0%
Vietnam 10558 Kiến Giang
0%
Russia 48807 Kingisepp
0%
United States 25025 King of Prussia
0%
Australia 4 Kingoonya
0%
India 10747 Kingri
0%
South Africa 16368 Kingsborough
0%
United States 12589 Kingsburg
0%
United States 12921 Kingsbury
0%
United States 9061 Kings Grant
0%
United States 19101 Kingsland
0%
United States 11472 Kings Mountain
0%
United Kingdom 12024 Kingsnorth
0%
United Kingdom 24380 Kings Norton
0%
United States 16249 Kings Park
0%
United States 13281 Kings Park West
0%
United Kingdom 12048 Kingsteignton
0%
Australia 1342 Kingston South East
0%
United Kingdom 43013 Kingston upon Thames
0%
United States 17436 Kingstowne
0%
United Kingdom 25191 Kingswinford
0%
United Kingdom 40734 Kingswood
0%
India 9802 Kinhālu
0%
Vietnam 203638 Kinh Môn
0%
Turkey 28694 Kınık
0%
Congo (Brazzaville) 12102 Kinkala
0%
United States 9971 Kinnelon
0%
Philippines 14091 Kinogitan
0%
Uganda 7000 Kinoni
0%
Belgium 12233 Kinrooi
0%
South Africa 15246 Kinross
0%
Ghana 111000 Kintampo
0%
Congo (Kinshasa) 18676 Kinzau-Vuete
0%
Tanzania 1533 Kipili
0%
United Kingdom 9994 Kippax
0%
Congo (Kinshasa) 132861 Kipushi
0%
Solomon Islands 3500 Kirakira
0%
India 10237 Kīramangalam
0%
India 9354 Kirangūr
0%
Madagascar 13000 Kirano
0%
Madagascar 32354 Kiranomena
0%
India 25420 Kīranūr
0%
India 10891 Kiratpur Rājārām
0%
Turkey 43510 Kiraz
0%
Germany 16578 Kirchhain
0%
Germany 14688 Kirchhatten
0%
Germany 13094 Kirchheim bei München
0%
Germany 11402 Kirchhundem
0%
Germany 10339 Kirchlinteln
0%
Germany 10801 Kirchseeon
0%
Egypt 69317 Kirdāsah
0%
Uganda 69000 Kireka
0%
Russia 900 Kirensk
0%
Russia 25560 Kireyevsk
0%
Somalia 10345 Kiridh
0%
India 11907 Kirikera
0%
Turkey 121028 Kırıkhan
0%
Turkey 186960 Kırıkkale
0%
India 12096 Kīrippatti
0%
Turkey 37645 Kırkağaç
0%
United Kingdom 25728 Kirkburton
0%
United Kingdom 45564 Kirkby
0%
United Kingdom 25265 Kirkby in Ashfield
0%
United Kingdom 48108 Kirkcaldy
0%
Germany 10090 Kirkel
0%
United Kingdom 21380 Kirkintilloch
0%
Faroe Islands 80 Kirkja
0%
Turkey 85493 Kırklareli
0%
United Kingdom 8570 Kirk of Shotts
0%
Malta 2191 Kirkop
0%
United Kingdom 20673 Kirkstall
0%
United States 17493 Kirksville
0%
United Kingdom 7420 Kirkwall
0%
India 9609 Kirlampūdi
0%
Germany 8523 Kirn
0%
Russia 18497 Kirovgrad
0%
India 8768 Kirrāyach
0%
Russia 16164 Kirsanov
0%
Turkey 150700 Kırşehir
0%
Nepal 65602 Kirtipur
0%
Uganda 6900 Kiruhura
0%
Burundi 10024 Kirundo
0%
Uganda 31610 Kiryandongo
0%
Japan 105751 Kiryū
0%
Russia 27318 Kirzhach
0%
Japan 19884 Kisai
0%
Japan 14114 Kisanuki
0%
India 11048 Kisara
0%
Indonesia 147639 Kisaran
0%
Tanzania 159226 Kisarawe
0%
Japan 136023 Kisarazu
0%
Bosnia and Herzegovina 20722 Kiseljak
0%
Congo (Kinshasa) 386151 Kisenzi
0%
India 105782 Kishanganj
0%
India 11470 Kishanganj
0%
India 154886 Kishangarh
0%
India 9661 Kishanpūra Kalān
0%
India 13862 Kishanpur Ratwāra
0%
Japan 188015 Kishiwada
0%
Kazakhstan 7421 Kishkeneköl
0%
Bangladesh 36125 Kishmat Dhanbāri
0%
India 8896 Kishtwār
0%
India 15874 Kishundāspur
0%
India 11237 Kishunpur
0%
India 9963 Kishunpur
0%
Kenya 37531 Kisii
0%
Hungary 13173 Kiskőrös
0%
Hungary 28562 Kiskunfélegyháza
0%
Hungary 26009 Kiskunhalas
0%
Hungary 9272 Kiskunlacháza
0%
Hungary 11127 Kiskunmajsa
0%
Somalia 166667 Kismaayo
0%
Uganda 17561 Kisoro
0%
Morocco 11763 Kissane Ltouqi
0%
Guinea 66815 Kissidougou
0%
Hungary 9869 Kisújszállás
0%
Hungary 14888 Kisvárda
0%
India 34342 Kita Chauhāttar
0%
Japan 18308 Kitagata
0%
Japan 41352 Kitaibaraki
0%
Japan 22670 Kitajima
0%
Japan 84007 Kitakōriyamachō
0%
Japan 353058 Kita-ku
0%
Kenya 63245 Kitale
0%
Uganda 9000 Kitamilo
0%
Japan 65191 Kitamoto
0%
Japan 86060 Kitanagoya
0%
Japan 17038 Kitanakagusuku
0%
Philippines 53796 Kitaotao
0%
Japan 19362 Kitatajima
0%
Philippines 21278 Kitcharao
0%
Kenya 154436 Kitenkela
0%
Uganda 44604 Kitgum
0%
Uzbekistan 40800 Kitob
0%
Japan 27668 Kitsuki
0%
India 22714 Kittanapalli
0%
United States 10280 Kittery
0%
India 16144 Kittūr
0%
Kenya 29062 Kitui
0%
Ukraine 13798 Kivertsi
0%
Finland 10665 Kivistö
0%
Ukraine 17960 Kivsharivka
0%
Uganda 11013 Kiwoko
0%
Japan 17455 Kiyama
0%
Japan 75389 Kiyose
0%
Japan 69687 Kiyosu
0%
India 49525 Kizhake Chālakudi
0%
India 11638 Kizhakkanela
0%
India 21820 Kizhakkemanād
0%
India 28316 Kizhakkōtt
0%
India 14529 Kizhakkummuri
0%
India 14320 Kizhariyūr
0%
India 20457 Kizhāttūr
0%
India 15979 Kizhūr
0%
Turkey 26872 Kızılcahamam
0%
Turkey 8581 Kızılcaşar
0%
Turkey 54268 Kızılpınar
0%
Turkey 267151 Kızıltepe
0%
Russia 38335 Kizilyurt
0%
Russia 49999 Kizlyar
0%
Japan 78035 Kizugawa
0%
Bosnia and Herzegovina 12348 Kladanj
0%
Czechia 69078 Kladno
0%
Serbia 20635 Kladovo
0%
Thailand 17764 Klaeng
0%
Faroe Islands 4664 Klaksvík
0%
Czechia 14175 Klášterec nad Ohří
0%
Czechia 22938 Klatovy
0%
Finland 21019 Klaukkala
0%
Netherlands 11980 Klazienaveen
0%
Germany 10786 Kleinblittersdorf
0%
Mali 31334 Kléla
0%
Norway 20615 Kleppe
0%
Belarus 15020 Klimavichy
0%
Kosovo 38496 Klinë
0%
Russia 63059 Klintsy
0%
Sweden 16715 Klippansbruk
0%
Germany 10427 Klipphausen
0%
Bosnia and Herzegovina 18714 Ključ
0%
Kosovo 2556 Kllokot
0%
Poland 12513 Kłobuck
0%
Poland 25717 Kłodzko
0%
South Africa 29704 Kloof
0%
Poland 22703 Kluczbork
0%
Belarus 11248 Klyetsk
0%
Russia 1089 Klyuchi
0%
United Kingdom 15718 Knaresborough
0%
Morocco 16154 Knemis Dades
0%
Bulgaria 10136 Knezha
0%
Serbia 14237 Knić
0%
United States 19532 Knightdale
0%
Austria 12626 Knittelfeld
0%
Serbia 31491 Knjaževac
0%
Belgium 33097 Knokke-Heist
0%
United Kingdom 13710 Knottingley
0%
United Kingdom 10678 Knowle
0%
United Kingdom 11773 Knowsley
0%
Poland 36498 Knurów
0%
South Africa 76150 Knysna
0%
Afghanistan 35008 Kōṯah-ye ‘As̲h̲rō
0%
Tanzania 15000 Koani
0%
India 20875 Koāth
0%
India 25778 Koba
0%
Slovenia 1085 Kobarid
0%
Japan 43114 Kobayashi
0%
Ukraine 9465 Kobeliaky
0%
Slovenia 542 Kobilje
0%
Senegal 21656 Kobilo
0%
Mali 12445 Kobiri
0%
Ethiopia 24867 Kobo
0%
Uganda 37825 Koboko
0%
Belarus 52635 Kobryn
0%
Georgia 27546 Kobuleti
0%
Poland 27185 Kobyłka
0%
Turkey 22882 Kocaali
0%
Turkey 363416 Kocaeli
0%
Turkey 15355 Kocaköy
0%
North Macedonia 28330 Kočani
0%
Turkey 21832 Koçarlı
0%
Turkey 409005 Kocasinan
0%
Serbia 13000 Koceljeva
0%
Slovenia 8151 Kočevje
0%
India 19803 Kochas
0%
India 77935 Koch Bihār
0%
India 9567 Kochgāwān
0%
India 10000 Kochhor
0%
Kyrgyzstan 11373 Kochkor
0%
Kyrgyzstan 14814 Kochkor-Ata
0%
Poland 12738 Kochłowice
0%
India 31719 Kochugaon
0%
India 9105 Kod
0%
India 64234 Kodād
0%
India 36501 Kodaikānal
0%
India 8554 Kodaimangalam
0%
Japan 196959 Kodaira
0%
India 9212 Kodakkal
0%
India 16295 Kodala
0%
India 14244 Kōdanād
0%
India 14688 Kodāngipatti
0%
India 22764 Kodarmā
0%
India 8821 Kodavatipūdi
0%
India 29816 Kodayattūr
0%
India 13759 Kodigenahalli
0%
India 9195 Kodigenahalli
0%
India 15824 Kodikkulam
0%
India 8910 Kodikkulam
0%
India 16803 Kodikulam
0%
India 21470 Kodikuthi
0%
India 41492 Kodīnar
0%
Russia 13324 Kodinsk
0%
India 9830 Kodivalasa
0%
India 17732 Kodiyēri
0%
India 10892 Kodmiāl
0%
India 70000 Kodoli
0%
India 13507 Kodriva
0%
India 15114 Koduman
0%
India 19138 Kodumba
0%
India 16716 Kodumudi
0%
India 28828 Kodumur
0%
India 70868 Kodungallūr
0%
India 10402 Kodūru
0%
India 12083 Kodusseri
0%
India 48678 Koduvalli
0%
India 21242 Koduvilārpatti
0%
Belgium 8784 Koekelare
0%
Belgium 21959 Koekelberg
0%
India 26304 Koelwār
0%
Japan 115441 Kōenchō
0%
Suriname 27713 Koewarasan
0%
Ethiopia 13127 Kofelē
0%
South Africa 10402 Koffiefontein
0%
Austria 9888 Köflach
0%
Ghana 127334 Koforidua
0%
Japan 127226 Koganei
0%
Denmark 38588 Køge
0%
Uzbekistan 107566 Kogon Shahri
0%
Pakistan 170800 Kohat
0%
India 99039 Kohīma
0%
India 15075 Kohīr
0%
Cambodia 33591 Koh Kong
0%
Estonia 33675 Kohtla-Järve
0%
Sierra Leone 124662 Koidu
0%
Sierra Leone 87539 Koidu-Bulma
0%
India 8594 Koila
0%
India 9090 Koila Belwā
0%
India 10222 Koila Dewa
0%
India 10904 Koilakh
0%
India 23480 Koili Simra
0%
India 23859 Koilkuntla
0%
India 9781 Koini
0%
India 20418 Koipādi
0%
India 23037 Koiri Bigha
0%
India 143529 Koiridih
0%
Japan 58658 Koja
0%
Japan 89619 Kōka
0%
Japan 60592 Kokawa
0%
India 9839 Kokiladānga
0%
Kyrgyzstan 12117 Kök-Janggak
0%
Mali 21117 Kokofata
0%
Burkina Faso 9704 Kokologo
0%
Papua New Guinea 20262 Kokopo
0%
Poland 9693 Kokoszki
0%
India 34136 Kokrajhar
0%
Mali 13393 Kokri
0%
Kazakhstan 193492 Kökshetaū
0%
Belgium 21957 Koksijde
0%
South Africa 51561 Kokstad
0%
China 80000 Koktokay
0%
Japan 129619 Kokubunji
0%
India 17095 Kolaccheri
0%
India 31398 Kolachel
0%
India 10001 Kolagallu
0%
India 15607 Kolakalūru
0%
Philippines 28265 Kolambugan
0%
India 12204 Kolanpāk
0%
India 12748 Kolappalūr
0%
India 138462 Kolār
0%
India 20700 Kolāras
0%
Slovakia 10572 Kolárovo
0%
Montenegro 2725 Kolašin
0%
India 34721 Kolattupuzha
0%
India 12401 Kolattūr
0%
India 19817 Kolavallúr
0%
Germany 19414 Kolbermoor
0%
Poland 8710 Kolbuszowa
0%
Russia 37741 Kolchugino
0%
Senegal 62258 Kolda
0%
Algeria 61643 Kolea
0%
India 365253 Kolga
0%
India 18973 Koliakkod
0%
Czechia 33229 Kolín
0%
Ethiopia 27359 K’olīto
0%
Germany 9384 Kolkwitz
0%
India 9284 Kollankulam
0%
India 57149 Kollegāl
0%
India 29587 Kollengode
0%
India 12982 Kollipara
0%
India 16079 Kollūru
0%
India 11601 Kolnād
0%
Poland 9999 Kolno
0%
India 9754 Kolnūr
0%
Poland 44340 Kołobrzeg
0%
Benin 17419 Kolokondé
0%
Ukraine 60821 Kolomyia
0%
Mali 57898 Kolondiéba
0%
Mali 37648 Kolongo-Bozo
0%
Micronesia, Federated States of 6074 Kolonia
0%
Sri Lanka 64887 Kolonnawa
0%
Indonesia 17997 Kolonodale
0%
India 24300 Koloriāng
0%
South Africa 9953 Koloti
0%
Russia 20824 Kolpashevo
0%
Russia 225801 Kolpino
0%
India 8541 Kolumalapalle
0%
Poland 12396 Koluszki
0%
India 14430 Kolwāra
0%
Japan 84437 Komae
0%
Japan 31763 Komagane
0%
Japan 147897 Komaki
0%
Slovakia 32287 Komárno
0%
India 10746 Komarolu
0%
Hungary 20391 Komárom
0%
South Africa 4683 Komatipoort
0%
Japan 108509 Komatsu
0%
Japan 36123 Komatsushimachō
0%
India 16951 Kombai
0%
India 10581 Kombai
0%
Burkina Faso 28617 Kombissiri
0%
Ethiopia 85367 Kombolcha
0%
Slovenia 896 Komenda
0%
Iran 8776 Komījān
0%
Japan 9790 Kominato
0%
Hungary 19679 Komló
0%
Russia 25706 Kommunar
0%
India 9444 Kommūru
0%
Japan 40329 Komono
0%
Poland 10990 Komorniki
0%
Japan 41066 Komoro
0%
Poland 10112 Komorowice
0%
Greece 38532 Komotiní
0%
India 15575 Kompalle
0%
Russia 10 Komsa
0%
Russia 235488 Komsomol’sk-na-Amure
0%
India 11951 Konāje
0%
Turkey 332277 Konak
0%
Turkey 17966 Konaklı
0%
India 11382 Konakondla
0%
Russia 33560 Konakovo
0%
Japan 54392 Konan
0%
Japan 97435 Kōnan
0%
Japan 32123 Kōnan
0%
India 11745 Konand
0%
Iran 43258 Konārak
0%
India 15015 Konārka
0%
North Macedonia 915 Konče
0%
India 10111 Kondakindi Agrahāram
0%
India 10784 Kondakomarla
0%
India 10125 Kondalahalli
0%
India 22186 Kondalāmpatti
0%
India 33373 Kondapalle
0%
India 9551 Kondaparti
0%
India 30064 Kondarangi Kīranūr
0%
India 9224 Kondayampālaiyam
0%
India 22465 Kondāzhi
0%
India 11418 Kondhāli
0%
Russia 3833 Kondopoga
0%
Russia 15734 Kondrovo
0%
Iran 8518 Kond Rūd
0%
India 9228 Kondrukota
0%
India 19647 Kondūr
0%
India 11038 Konen Agrahār
0%
Turkmenistan 36754 Köneürgench
0%
India 10670 Konganāpuram
0%
India 13984 Kongarapalli
0%
China 81909 Kongjiazhuangcun
0%
India 9118 Kongnolli
0%
Congo (Kinshasa) 105202 Kongolo
0%
Burkina Faso 53641 Kongoussi
0%
Norway 25090 Kongsberg
0%
Norway 12034 Kongsvinger
0%
India 11023 Kongupatti
0%
Tajikistan 219000 Konibodom
0%
India 9650 Konidena
0%
Mali 14786 Konina
0%
Switzerland 41784 Köniz
0%
India 10342 Konkavāripalle
0%
India 27474 Konnūr
0%
India 11078 Konnūr
0%
Mali 26084 Konobougou
0%
Mali 16719 Konodimini
0%
Ghana 71238 Konongo
0%
Japan 116777 Kōnosu
0%
Ukraine 83543 Konotop
0%
Mali 31007 Konséguéla
0%
Poland 18201 Końskie
0%
Poland 17157 Konstancin-Jeziorna
0%
Russia 17207 Konstantinovsk
0%
Poland 18960 Konstantynów Łódzki
0%
Nigeria 98763 Kontagora
0%
Cameroon 8018 Kontcha
0%
Mali 21538 Kontéla
0%
Belgium 21203 Kontich
0%
Finland 15136 Kontiolahti
0%
Vietnam 168000 Kon Tum
0%
Kenya 2004 Konza
0%
Netherlands 11225 Koog aan de Zaan
0%
Japan 11425 Koori
0%
Benin 70938 Kopargo
0%
Slovenia 25753 Koper
0%
Norway 11561 Kopervik
0%
Madagascar 15000 Kopoky
0%
Botswana 9320 Kopong
0%
Mali 18746 Koporo-Kénié-na
0%
India 10560 Koppāka
0%
India 12584 Koppal
0%
India 10453 Kopparam
0%
South Africa 13803 Koppies
0%
Czechia 21604 Kopřivnice
0%
Turkey 12730 Köprübaşı
0%
Turkey 14204 Köprüköy
0%
Russia 10084 Korablino
0%
India 11828 Korahia
0%
India 9559 Koranampatti
0%
India 14294 Korangal
0%
India 52203 Korāput
0%
India 18024 Koratagere
0%
India 29991 Koratgi
0%
India 66504 Koratla
0%
Albania 51152 Korçë
0%
Iran 39881 Kord Kūy
0%
India 13116 Koregaon
0%
Ethiopia 16856 Korem
0%
Russia 13284 Korenovsk
0%
Russia 18 Korf
0%
Turkey 178048 Körfez
0%
Turkey 27349 Korgan
0%
China 71466 Korgas
0%
Côte d’Ivoire 440926 Korhogo
0%
India 17538 Koriāpatti
0%
Greece 30816 Kórinthos
0%
Ukraine 12202 Koriukivka
0%
Russia 36591 Korkino
0%
Turkey 56285 Korkuteli
0%
China 770000 Korla
0%
Hungary 10177 Körmend
0%
India 11758 Kornepādu
0%
Tanzania 62032 Korogwe
0%
Ukraine 10165 Korolevo
0%
Philippines 195398 Koronadal
0%
Philippines 195398 Koronadal
0%
Poland 10974 Koronowo
0%
Greece 20152 Koropí
0%
India 10096 Korosavāda
0%
Ukraine 61496 Korosten
0%
Ukraine 24129 Korostyshiv
0%
India 16969 Kōrōth
0%
Russia 33123 Korsakov
0%
Finland 19763 Korsholm
0%
Burkina Faso 18875 Korsimoro
0%
Denmark 14418 Korsør
0%
Ukraine 17216 Korsun-Shevchenkivskyi
0%
Belgium 12584 Kortemark
0%
Belgium 20214 Kortenberg
0%
Russia 34002 Koryazhma
0%
Greece 61248 Korydallós
0%
Japan 35035 Kōryō
0%
Japan 57682 Kosai
0%
India 50568 Kosamba
0%
Thailand 70059 Ko Samui
0%
Tajikistan 18986 Kosatarosh
0%
Germany 9994 Kösching
0%
Poland 24022 Kościan
0%
Poland 8661 Kościelisko
0%
Poland 23723 Kościerzyna
0%
India 21215 Kosgi
0%
India 8688 Koshanam
0%
Japan 341784 Koshigaya
0%
Japan 61997 Kōshizuka
0%
Japan 29237 Kōshū
0%
India 24165 Kosigi
0%
Serbia 12090 Kosjerić
0%
Turkey 28235 Köşk
0%
India 19930 Koskāpur
0%
India 12348 Koskāpur
0%
Uzbekistan 50900 Kosonsoy
0%
Slovenia 10 Kostel
0%
Ukraine 67350 Kostiantynivka
0%
Bulgaria 11411 Kostinbrod
0%
Serbia 13637 Kostolac
0%
Russia 25928 Kostomuksha
0%
Ukraine 30838 Kostopil
0%
Poland 9809 Kostrzyń
0%
Poland 17899 Kostrzyn nad Odrą
0%
Thailand 8984 Kosum Phisai
0%
Norway 17981 Kosvik
0%
Hungary 11757 Kőszeg
0%
Poland 12431 Koszutka
0%
Malaysia 491237 Kota Bharu
0%
India 8941 Kotabommāli
0%
Indonesia 42366 Kotabumi
0%
Pakistan 120479 Kot Addu
0%
India 28207 Kotagiri
0%
India 25860 Kotal
0%
Indonesia 120597 Kotamobagu
0%
India 18461 Kotanchēri
0%
India 15360 Kot Bhāi
0%
India 175232 Kotdwāra
0%
India 18907 Kōtekāra
0%
Russia 157 Kotelnich
0%
Russia 72311 Kotelniki
0%
Russia 22016 Kotelnikovo
0%
Ukraine 11778 Kotelva
0%
India 14697 Kōteshwar
0%
India 13413 Kotgīr
0%
India 11767 Kotha Gurū
0%
India 20000 Kothanūru
0%
India 57583 Kothāpet
0%
India 10404 Kotharpettai
0%
India 10177 Kothi
0%
India 18538 Kothia
0%
India 10874 Kothri Kalān
0%
India 12311 Kotia
0%
Uganda 22900 Kotido
0%
India 91979 Kot Kapūra
0%
Pakistan 3219375 Kotla Qasim Khan
0%
Pakistan 21462 Kotli
0%
India 9783 Kotli Ablu
0%
India 36263 Kotma
0%
Sri Lanka 107523 Kotmale
0%
Pakistan 51021 Kot Mumin
0%
Japan 523419 Kōtō-ku
0%
Japan 16167 Kotoura
0%
Russia 21028 Kotovo
0%
Russia 26694 Kotovsk
0%
India 11615 Kotra
0%
Pakistan 102057 Kot Radha Kishan
0%
Pakistan 259358 Kotri
0%
India 12294 Kot Shamir
0%
Ukraine 17623 Kotsyubyns’ke
0%
India 14564 Kottacheruvu
0%
India 8648 Kottadindulu
0%
India 79819 Kottagūdem
0%
India 12202 Kottagudi Muttanād
0%
India 31779 Kottaikuppam
0%
India 9968 Kottaipatti
0%
India 14035 Kottaiyūr
0%
India 18059 Kottá Kalidindi
0%
India 26191 Kottakota
0%
India 18862 Kottakota
0%
India 9709 Kottampatti
0%
India 43732 Kottangara
0%
India 12990 Kottapadi
0%
India 10194 Kottapālem
0%
India 9104 Kottapālem
0%
India 18161 Kottapalle
0%
India 24539 Kottapeta
0%
India 16931 Kottapeta
0%
India 10366 Kottapuram
0%
India 13093 Kottāram
0%
India 2952254 Kottārasshēri
0%
India 14321 Kottavalasa
0%
India 12161 Kōttāya
0%
India 571856 Kottayam
0%
India 43283 Kōttōppādam
0%
India 18227 Kottukal
0%
India 8679 Kottūr
0%
India 12661 Kotturu
0%
India 29965 Kottūru
0%
India 23572 Kottūru
0%
India 12876 Koturkolkara
0%
India 12484 Kotwāpatti Rāmpur
0%
Benin 112014 Kouandé
0%
Benin 9809 Kouarfa
0%
Mali 13529 Koubel-Koundia
0%
Greece 9462 Koufália
0%
Taiwan 24882 Kouhu
0%
Algeria 10076 Kouinine
0%
Burkina Faso 17286 Kouka
0%
Mali 17953 Koula
0%
Gabon 25651 Koulamoutou
0%
Mali 23919 Koulikoro
0%
Mali 18994 Kouloum
0%
Mali 14839 Koumaïra
0%
Mali 51348 Koumantou
0%
Côte d’Ivoire 412282 Koumassi
0%
Mali 24915 Koumia
0%
Senegal 10000 Koumpentoum
0%
Chad 47950 Koumra
0%
Guinea 13990 Koundara
0%
Mali 14075 Koundian
0%
Senegal 15000 Koungheul
0%
Mayotte 32156 Koungou
0%
Benin 11958 Kountouri
0%
Mali 23169 Kouoro
0%
Burkina Faso 45900 Koupéla
0%
Comoros 10000 Kourani
0%
Niger 46249 Kouré
0%
Mali 54435 Kouri
0%
Morocco 195931 Kouribga
0%
Morocco 9526 Kourimat
0%
Mali 11234 Kourouma
0%
Guinea 14223 Kouroussa
0%
Mali 23048 Koussané
0%
Cameroon 101246 Kousséri
0%
Benin 12751 Kouti
0%
Mali 137919 Koutiala
0%
Serbia 5398 Kovačica
0%
Turkey 25295 Kovancılar
0%
Russia 20 Kovda
0%
Ukraine 67575 Kovel
0%
India 115434 Kovilpatti
0%
India 9407 Kovilpatti
0%
India 13706 Kovilūr
0%
Serbia 33722 Kovin
0%
India 32082 Kovūr
0%
India 19033 Kovūr
0%
India 11258 Kovūrupalli
0%
India 8925 Kovvali
0%
India 39667 Kovvūr
0%
Poland 10217 Kowary
0%
India 11131 Kowdalli
0%
Turkey 39242 Köyceğiz
0%
Turkmenistan 98477 Koytendag
0%
Japan 21708 Kozakai-chō
0%
Turkey 132703 Kozan
0%
Greece 34138 Kozáni
0%
Russia 16603 Kozelsk
0%
India 12311 Kozhinjampāra
0%
Ukraine 22241 Koziatyn
0%
Poland 16192 Kozienice
0%
Slovenia 634 Kozje
0%
Bulgaria 11331 Kozloduy
0%
Turkey 43140 Kozlu
0%
Turkey 27825 Kozluk
0%
Russia 19355 Kozmodemyansk
0%
Ukraine 8750 Kozova
0%
Poland 9086 Kożuchów
0%
Poland 13098 Kozy
0%
Togo 75084 Kpalimé
0%
Ghana 11239 Kpandae
0%
Ghana 28334 Kpandu
0%
Belgium 13690 Kraainem
0%
South Africa 9933 Kraaipan
0%
Thailand 32644 Krabi
0%
Norway 10413 Kragerø
0%
Bonaire, Sint Eustatius, and Saba 10620 Kralendijk
0%
Serbia 66688 Kraljevo
0%
Czechia 18782 Kralupy nad Vltavou
0%
Czechia 10613 Králŭv Dvŭr
0%
Germany 11380 Kranenburg
0%
Greece 9631 Kranídi
0%
Slovenia 1452 Kranjska Gora
0%
Thailand 10169 Kranuan
0%
Poland 15786 Krapkowice
0%
Poland 32593 Kraśnik
0%
Russia 21350 Krasnoarmeysk
0%
Ukraine 42315 Krasnodon
0%
Uzbekistan 19176 Krasnogorskiy
0%
Russia 13959 Krasnogvardeyskoye
0%
Ukraine 16714 Krasnohorivka
0%
Ukraine 19674 Krasnohrad
0%
Ukraine 10444 Krasnoilsk
0%
Russia 47968 Krasnokamsk
0%
Russia 16419 Krasnoslobodsk
0%
Russia 8910 Krasnoslobodsk
0%
Russia 55727 Krasnotur’insk
0%
Russia 37307 Krasnoufimsk
0%
Russia 21384 Krasnouralsk
0%
Russia 10662 Krasnousol’skiy
0%
Russia 14164 Krasnovishersk
0%
Russia 14290 Krasnozavodsk
0%
Russia 25300 Krasnoznamensk
0%
Ukraine 79533 Krasnyi Luch
0%
Poland 17519 Krasnystaw
0%
Russia 14296 Krasnyy Kut
0%
Russia 35697 Krasnyy Sulin
0%
Kazakhstan 9875 Krasnyy Yar
0%
Ukraine 18356 Krasyliv
0%
Thailand 21904 Krathum Baen
0%
Cambodia 60000 Kratie
0%
North Macedonia 5401 Kratovo
0%
Greenland 181 Kraulshavn
0%
Ukraine 20476 Kremenets
0%
Russia 11637 Kremenki
0%
Ukraine 18116 Kreminna
0%
Mali 10467 Krèmiss
0%
Austria 50000 Krems an der Donau
0%
Indonesia 71795 Kresek
0%
Germany 8847 Kressbronn am Bodensee
0%
Lithuania 17207 Kretinga
0%
Germany 17756 Kreuzau
0%
Cameroon 60000 Kribi
0%
Bulgaria 9038 Krichim
0%
South Africa 15237 Kriel
0%
Switzerland 26997 Kriens
0%
Germany 11123 Kriftel
0%
Netherlands 29410 Krimpen aan den IJssel
0%
India 85254 Krishnagiri
0%
India 10492 Krishnamsettipalle
0%
India 19462 Krishnapur
0%
India 17574 Krishnapuram
0%
India 25927 Krishnāpuram
0%
India 40435 Krishnarājāsāgara
0%
India 29805 Krishnarājpet
0%
India 13903 Krishnarāyapuram
0%
Norway 18273 Kristiansund
0%
Sweden 17839 Kristinehamn
0%
North Macedonia 13481 Kriva Palanka
0%
North Macedonia 1870 Krivogaštani
0%
Czechia 22716 Krnov
0%
Ukraine 22111 Krolevets
0%
Czechia 28089 Kroměříž
0%
Netherlands 18955 Krommenie
0%
Slovakia 8739 Krompachy
0%
Cambodia 35990 Krong Kep
0%
Indonesia 65599 Kronjo
0%
Germany 11854 Kronshagen
0%
South Africa 168762 Kroonstad
0%
Poland 45057 Krosno
0%
Poland 10905 Krosno Odrzańskie
0%
India 11549 Krosūru
0%
Poland 28704 Krotoszyn
0%
Slovenia 6852 Krško
0%
South Africa 140643 Krugersdorp
0%
Belgium 16657 Kruibeke
0%
Albania 11721 Krujë
0%
Serbia 17295 Krupanj
0%
Czechia 12779 Krupka
0%
Serbia 58745 Kruševac
0%
North Macedonia 4104 Kruševo
0%
Philippines 21287 Krus na Ligas
0%
Poland 9288 Kruszwica
0%
Belarus 23264 Krychaw
0%
Ukraine 11865 Krykhivtsi
0%
Russia 19123 Krymsk
0%
Poland 10001 Krynica
0%
Poland 9868 Krzeszowice
0%
Mauritania 43531 Ksar
0%
Algeria 9033 Ksar Belezma
0%
Algeria 52753 Ksar Chellala
0%
Algeria 67813 Ksar el Boukhari
0%
Algeria 23841 Ksar el Hirane
0%
Morocco 124701 Ksar El Kebir
0%
Tunisia 55415 Ksar Hellal
0%
Morocco 12703 Ksar Lmajaz
0%
Algeria 11095 Ksar Sbahi
0%
Morocco 17125 Ksar Sghir
0%
Morocco 33007 Ksebia
0%
Tunisia 14490 Ksibet el Mediouni
0%
Tunisia 37683 Ksour Essaf
0%
Russia 61602 Kstovo
0%
South Sudan 78111 Kuacjok
0%
China 1302778 Kuaidamao
0%
Brunei 4259 Kuala Belait
0%
Indonesia 55573 Kuala Kapuas
0%
Indonesia 12870 Kuala Kurun
0%
Malaysia 20000 Kuala Lipis
0%
Indonesia 20413 Kuala Pembuang
0%
Indonesia 40327 Kualaserba
0%
Malaysia 255109 Kuala Terengganu
0%
Taiwan 11975 Kuangfu
0%
Malaysia 607778 Kuantan
0%
India 13904 Kubādupuram
0%
Serbia 15516 Kučevo
0%
India 34929 Kuchaiburi
0%
India 8510 Kuchai Kot
0%
Iran 10026 Kūcheşfahān
0%
Thailand 11753 Kuchinarai
0%
India 17933 Kuchinda
0%
Pakistan 184818 Kuchlagh
0%
Albania 12654 Kuçovë
0%
Turkey 326452 Küçükçekmece
0%
Turkey 10600 Küçük Dalyan
0%
Turkey 10604 Küçükkuyu
0%
India 35000 Kudachi
0%
Maldives 3132 Kudahuvadhoo
0%
India 21000 Kudāl
0%
India 15979 Kudali
0%
Japan 56661 Kudamatsu
0%
India 12957 Kūdangulam
0%
Malaysia 29025 Kudat
0%
India 18205 Kudatini
0%
India 17497 Kudavāsal
0%
India 9590 Kudayattūr
0%
Netherlands 9250 Kudelstaart
0%
India 28840 Kūdligi
0%
India 26235 Kūdlu
0%
Poland 9627 Kudowa-Zdrój
0%
India 19265 Kudra
0%
India 9114 Kudūru
0%
Russia 28630 Kudymkar
0%
Lesotho 21887 Kueneng
0%
Iran 10761 Kūhbanān
0%
Iraq 13281 Kūhbil
0%
Iran 89091 Kūhdasht
0%
Afghanistan 12463 Kuhsān
0%
Thailand 8916 Kui Buri
0%
China 564501 Kuiju
0%
South Africa 46685 Kuilsrivier
0%
China 10553 Kuiyibagecun
0%
Nigeria 212100 Kuje
0%
Japan 34418 Kuji
0%
India 9505 Kujri
0%
India 23812 Kuju
0%
Japan 14652 Kujūkuri
0%
Korea, South 16116 Kujwa
0%
India 60598 Kukarmunda
0%
Nigeria 203864 Kukawa
0%
India 14246 Kukdeshwar
0%
Albania 15643 Kukës
0%
Japan 150197 Kukichūō
0%
India 15536 Kukkundūr
0%
Russia 17886 Kukmor
0%
India 20747 Kuknūr
0%
Nicaragua 8789 Kukrahill
0%
India 17276 Kukraun
0%
India 8818 Kukraun
0%
India 32093 Kukshi
0%
Pakistan 24738 Kulachi
0%
Malaysia 230000 Kulai
0%
India 17267 Kulasegaram
0%
India 12010 Kulasekarapatnam
0%
India 26907 Kulasekharapuram
0%
Indonesia 30012 Kulat
0%
India 23018 Kulattuppālaiyam
0%
India 12276 Kulattūr
0%
Russia 32184 Kulebaki
0%
Russia 14568 Kuleshovka
0%
India 23584 Kulgam
0%
India 10839 Kulgo
0%
India 13449 Kulharia
0%
Maldives 10251 Kulhudhuffushi
0%
India 34532 Kulittalai
0%
Syria 15000 Kuljibrīn
0%
Tajikistan 22731 Kulkent
0%
Greenland 453 Kullorsuaq
0%
Tajikistan 214700 Kŭlob
0%
Turkey 34357 Kulp
0%
India 20096 Kulpahār
0%
United States 8990 Kulpsville
0%
India 10544 Kulriān
0%
Turkey 51612 Kulu
0%
India 18536 Kulu
0%
Russia 15102 Kulunda
0%
Kyrgyzstan 10170 Kulundu
0%
Greenland 241 Kulusuk
0%
Japan 16666 Kumage
0%
Philippines 29479 Kumalarang
0%
India 15535 Kumaralingam
0%
India 14824 Kumāramangalam
0%
India 15346 Kumaramputtūr
0%
India 16004 Kumaranallūr
0%
India 51960 Kumarankari
0%
India 86945 Kumārapālaiyam
0%
India 18398 Kumārapuram
0%
India 10735 Kumāravādi
0%
India 11425 Kumari
0%
India 14815 Kumārīpur
0%
India 23806 Kumar Khad
0%
India 12021 Kumarkhāli
0%
Japan 43570 Kumatori
0%
India 11161 Kumbadāje
0%
India 140156 Kumbakonam
0%
India 10636 Kumbhāri
0%
India 18552 Kumbhrāj
0%
Cameroon 80212 Kumbo
0%
Turkey 9874 Kumçatı
0%
India 11130 Kumharsan
0%
India 19978 Kumīl
0%
Pakistan 784711 Kumila
0%
India 12208 Kumirimora
0%
Japan 15200 Kumiyama
0%
Sweden 21640 Kumla
0%
Turkey 13333 Kumlu
0%
Turkey 73496 Kumluca
0%
India 11206 Kummarapurugupālem
0%
Germany 9861 Kümmersbruck
0%
Turkey 28436 Kumru
0%
India 45538 Kumta
0%
China 492096 Kumul
0%
India 22228 Kundgol
0%
Pakistan 35406 Kundian
0%
Papua New Guinea 11553 Kundiawa
0%
India 100000 Kundli
0%
India 11516 Kundurpi
0%
Afghanistan 268893 Kunduz
0%
Sweden 22768 Kungälv
0%
Sweden 9382 Kungsängen
0%
Sweden 23000 Kungsbacka
0%
Russia 62173 Kungur
0%
India 40052 Kunigal
0%
India 8779 Kūnimedu
0%
Indonesia 113860 Kuningan
0%
Japan 25790 Kunisakimachi-tsurugawa
0%
India 15789 Kunithala
0%
Japan 18460 Kunitomi
0%
India 77748 Kuniyamuttūr
0%
India 13633 Kunjatturu
0%
India 11637 Kunkalagunta
0%
India 23655 Kunnada
0%
India 53223 Kunnamangalam
0%
India 54071 Kunnamkulam
0%
India 31400 Kunnatnād
0%
India 9282 Kunnattūr
0%
India 14918 Kunnumēl
0%
India 9910 Kunnūr
0%
Korea, South 270443 Kunp’o
0%
India 23229 Kūn Puhāl
0%
Korea, South 275155 Kunsan
0%
Australia 4515 Kununurra
0%
Germany 17025 Künzell
0%
Germany 16436 Künzelsau
0%
Ukraine 26627 Kupiansk
0%
Russia 13708 Kupino
0%
Lithuania 6178 Kupiškis
0%
India 10787 Kuppachchipālaiyam
0%
India 26662 Kuppādi
0%
India 21963 Kuppam
0%
Germany 8534 Kuppenheim
0%
China 462588 Kuqa
0%
India 11583 Kurabalakota
0%
India 65456 Kurabūr
0%
Japan 14901 Kurate
0%
India 15487 Kurāwar
0%
Sudan 13981 Kuraymah
0%
Japan 46269 Kurayoshi
0%
Russia 39167 Kurchatov
0%
Azerbaijan 15385 Kürdəmir
0%
India 10694 Kurdi
0%
Estonia 12698 Kuressaare
0%
Russia 46393 Kurganinsk
0%
India 11337 Kurgunta
0%
India 10589 Kurhani
0%
India 14980 Kurichchi
0%
India 8878 Kurichchi
0%
India 9027 Kurichedu
0%
Japan 63689 Kurihara
0%
India 10817 Kurikuppi
0%
Czechia 11400 Kuřim
0%
India 31506 Kurivikod
0%
Japan 11474 Kuriyama
0%
Ukraine 11134 Kurman
0%
Sudan 250000 Kurmuk
0%
India 457633 Kurnool
0%
Japan 39718 Kurobeshin
0%
Japan 31604 Kuroishi
0%
Germany 9273 Kurort Steinbach-Hallenberg
0%
Japan 10073 Kuroshio
0%
Russia 19890 Kurovskoye
0%
Australia 20015 Kurri Kurri
0%
India 8680 Kursaha
0%
Lithuania 10651 Kuršėnai
0%
Kyrgyzstan 20471 Kurshab
0%
Serbia 15905 Kuršumlija
0%
Turkey 36273 Kurtalan
0%
Russia 1075 Kurtamysh
0%
Germany 20158 Kürten
0%
India 13552 Kurtkoti
0%
India 17379 Kurugodu
0%
South Africa 13057 Kuruman
0%
India 14686 Kurumbalūr
0%
India 18749 Kurumbapālaiyam
0%
Papua New Guinea 1000 Kurumul
0%
Sri Lanka 30315 Kurunegala
0%
India 10756 Kuruvambalam
0%
India 28285 Kuruvattūr
0%
India 36983 Kuruvinattam
0%
India 12793 Kurwa Mathiā
0%
India 10826 Kurwār
0%
Turkey 130835 Kuşadası
0%
India 14530 Kusāha
0%
Panama 33121 Kusapín
0%
Japan 139913 Kusatsu
0%
Japan 9624 Kushijima
0%
Japan 16744 Kushima
0%
Japan 14661 Kushimoto
0%
Afghanistan 17479 Kushk
0%
Iran 11264 Kūshk
0%
India 11563 Kushmanchi
0%
Russia 9870 Kushnarënkovo
0%
India 27961 Kushtagi
0%
Bangladesh 418312 Kushtia
0%
Russia 26891 Kushva
0%
India 8953 Kusmaul
0%
Korea, North 196515 Kusŏng
0%
Germany 9038 Kusterdingen
0%
Sudan 345068 Kūstī
0%
India 9825 Kusugal
0%
India 8774 Kusumbe
0%
India 9725 Kusumha
0%
Turkey 263863 Kütahya
0%
India 15021 Kutavettūr
0%
India 14151 Kutavūr
0%
Thailand 10259 Kut Chap
0%
Iran 56252 Kūt-e ‘Abdollāh
0%
Croatia 19601 Kutina
0%
India 17108 Kutiyāna
0%
Czechia 21556 Kutná Hora
0%
Poland 42255 Kutno
0%
India 17746 Kuttālam
0%
India 20369 Kūttampala
0%
India 24799 Kuttampuzha
0%
India 30353 Kūttānallūr
0%
India 10920 Kuttappatti
0%
India 10748 Kuttattuppatti
0%
India 21154 Kuttikkāttūr
0%
India 12473 Kuttiyēri
0%
India 28907 Kuttuparamba
0%
India 12179 Kuttūr
0%
India 19351 Kuttyādi
0%
India 13244 Kuttyattur
0%
Sudan 45000 Kutum
0%
Belgium 13318 Kuurne
0%
Russia 11200 Kuvandyk
0%
Angola 78543 Kuvango
0%
Russia 9262 Kuvshinovo
0%
Japan 138798 Kuwana
0%
Uzbekistan 12200 Kuyganyor
0%
Iraq 19878 Kūysinjaq
0%
China 166261 Kuytun
0%
Turkey 26111 Kuyucak
0%
India 12120 Kuzhippilli
0%
India 27063 Kuzhittura
0%
Slovenia 429 Kuzma
0%
Turkey 11171 Kuzuculu
0%
Faroe Islands 400 Kvívík
0%
South Africa 101224 KwaDukuza
0%
South Africa 45104 Kwaggafontein
0%
Hong Kong 38674 Kwai Chung
0%
Kenya 10063 Kwale
0%
South Africa 69853 Kwamhlanga
0%
Poland 37768 Kwidzyn
0%
Ethiopia 12543 Kwīhā
0%
Australia 20086 Kwinana
0%
Chad 15960 Kyabé
0%
Russia 1500 Kyakhta
0%
Uganda 50000 Kyaliwajjala
0%
Vietnam 120518 Kỳ Anh
0%
Burma 39930 Kyaukme
0%
Burma 15000 Kyaukmyaung
0%
Burma 180000 Kyaukpyu
0%
Burma 741071 Kyaukse
0%
Burma 15485 Kyaunggon
0%
Uganda 15531 Kyazanga
0%
Uganda 29400 Kyegegwa
0%
Burma 23581 Kyeintali
0%
Uganda 23467 Kyenjojo
0%
Czechia 10799 Kyjov
0%
Korea, South 248244 Kyŏngju
0%
Burma 25488 Kyonpyaw
0%
Japan 12714 Kyōtamba
0%
Japan 73985 Kyōtanabe
0%
Japan 50857 Kyōtango
0%
Uganda 12789 Kyotera
0%
Cyprus 33207 Kyrenia
0%
Russia 35325 Kyshtym
0%
Slovakia 14660 Kysucké Nové Mesto
0%
Bulgaria 43534 Kyustendil
0%
Kyrgyzstan 13612 Kyzyl-Adyr
0%
Kyrgyzstan 11971 Kyzyl-Kyshtak
0%
Kyrgyzstan 51300 Kyzyl-Kyya
0%
Kyrgyzstan 15464 Kyzyl-Suu
0%
No matching quizzes found
Score Distribution
Percent of People with Each Score
Percentile by Number Answered
Your Score History
You have not taken this quiz